{"text_format":"3","workbook":"xlsx","n_sheets":3,"sheets":["READ ME","Explanation of variables","overtid_results"],"not_rendered":{"defined_names":1},"read":"whole","date_system":"1900"}

{"sheet":"READ ME","index":0,"n_rows":7,"n_cols":2,"rows_kept":7}
["Read me:"]
[]
["This excel sheet summarises the results of the 608 post-term pregnancy outpatient clinic configurations."]
[]
["Explanation of variables","Explains the  variables and the data collected from the AnyLogic post-term pregnancy clinic simulation model."]
[]
["overtid_results","The summary results from each of the model trials (10,000 simulation runs), for each of the 608 configurations."]

{"sheet":"Explanation of variables","index":1,"n_rows":22,"n_cols":3,"rows_kept":22}
["see overtid sheet","Name","Values"]
["c","original experiment numbers","1, 2, 3, 4, 5, 6, 7, 12, 13, 14, 15, 16, 17, 18, 19, 36, 37, 38, 39, 40, 41, 42, 43, 48, 49, 50, 51, 52, 53, 54, 54"]
["BMC","BMC paper experiment group (subgroup)","0a, 0b, 0c, 0d, 1a, 1b, 1c, 1d, 2a, 2b, 2c, 2d, 3a, 3b, 3c, 3d, 4a, 4b, 4c, 4d, 5a, 5b, 5c, 5d, 6a, 6b, 6c, 6d, 7a, 7b, 7c, 7d"]
["opt","Optimal result for a group ","\"no\" or \"yes\""]
["x1","Arrivals pattern","“All”.   All the women arrive at 08:00; “Half”. Half of the women arrive at 08:00 and half at 08:30. For odd numbers of arrivals the larger value arrives at 08:00."]
["x2","Order of midwife and doctor consultation","“Doc” a woman can see a doctor first if one is available, before seeing a midwife; “Mid” the woman sees a midwife before a doctor. "]
["x3","Number of midwives","Two or three."]
["x4","Number of doctors","Two or three."]
["x5","Number of CTGs","Three or four."]
["x0_y1","Arrivals_Treatment capacity","2, 3, 4, 5, 6, 7, 8, 9, 10, 11, 12, 13, 14, 15, 16, 17, 18, 19, 20. Also a Key Performance Indicator (KPI), see next section."]
["y2_mean","mean - Time last woman checks out","HH:MM:SS"]
["y2_err","error - Time last woman checks out","Seconds"]
["y3_mean","mean - Women’s LoS","Minutes"]
["y3_err","error - Women’s LoS","Minutes"]
["y4_mean","mean - Clinic overrun (mins after 10:30)","Minutes"]
["y4_err","error - Clinic overrun (mins after 10:30)","Minutes"]
["y5_mean","mean - Women’s midwife waiting time [CTG connection wait + CTG disconnection wait].","Minutes"]
["y5_err","error - Women’s midwife waiting time [CTG connection wait + CTG disconnection wait].","Minutes"]
["y6_mean","mean - Women’s doctor waiting time","Minutes"]
["y6_err","error - Women’s doctor waiting time","Minutes"]
["y7_mean","mean - Women’s CTG connection waiting time [CTG wait + midwife wait for connection]","Minutes"]
["y7_err","error - Women’s CTG connection waiting time [CTG wait + midwife wait for connection]","Minutes"]

{"sheet":"overtid_results","index":2,"n_rows":609,"n_cols":21,"rows_kept":609}
["c","BMC","opt","x1","x2","x3","x4","x5","x0_y1","y2_mean","y2_err","y3_mean","y3_err","y4_mean","y4_err","y5_mean","y5_err","y6_mean","y6_err","y7_mean","y7_err"]
[0,"0a","no","All","Mid",2,2,3,2,"09:13:22",8.37188629896427,68.9325259739186,0.103859269772247,0,0,0.00732911660391315,0.000819322626133564,0,0,0,0]
[0,"0a","no","All","Mid",2,2,3,3,"09:29:28",8.92808017522943,75.3275561338205,0.135285951033814,0,0,2.91992936780329,0.0589783457048951,3.37670714733278,0.0680847276974098,2.73082785444741,0.0585695831683335]
[0,"0a","no","All","Mid",2,2,3,4,"09:45:59",9.67812859074513,82.8943210802572,0.167137188491634,0,0,2.62357661710106,0.0473132188618621,2.54438098289862,0.0512550336573952,10.8711149946981,0.14597406192472]
[0,"0a","no","All","Mid",2,2,3,5,"09:56:45",9.84307194561763,89.3635798519621,0.178148677966487,0.00162666666666667,1.96209197834162E-3,2.71725534600954,0.0448180656822901,2.5581832974967,0.043462262960913,16.8189112628246,0.15804533884654]
[0,"0a","no","All","Mid",2,2,3,6,"10:10:06",10.6803847845531,95.9485070636092,0.19214410730633,0.153346666666667,0.0240035902727389,2.69578704513334,0.0410249394484687,3.40134985406944,0.0449313177420173,22.3958593103914,0.16741833547239]
[0,"0a","yes","All","Mid",2,2,3,7,"10:25:33",10.7817490868397,102.970149250779,0.20949967482865,1.99581833333333,0.0871451753675455,2.5420720550476,0.0368085549490211,3.10686428427067,0.0395078373284996,29.4797770736505,0.1935600411133]
[0,"0a","no","All","Mid",2,2,3,8,"10:37:09",11.098129421861,109.581692594117,0.220943990105605,8.15203833333333,0.160003254083803,2.5468519554186,0.0345553476543353,3.11547974294521,0.0363857875631129,35.7957056261535,0.20602828889373]
[0,"0a","no","All","Mid",2,2,3,9,"10:50:33",11.8895475490325,116.195521857405,0.232851911895484,20.56258,0.197683289126793,2.49425015863944,0.032402402685723,3.4694035997174,0.0360316384306981,41.9092054605467,0.216265511945821]
[0,"0a","no","All","Mid",2,2,3,10,"11:05:05",11.9223249872282,122.996146477592,0.24574188189321,35.085415,0.198705416453803,2.42586966176938,0.0301174244690326,3.32877839555241,0.0333061913221429,48.6849341502748,0.232387806021613]
[0,"0a","no","All","Mid",2,2,3,11,"11:17:26",12.3296894779252,129.692013413601,0.256525532220607,47.4397533333333,0.205494824632086,2.40946890499417,0.0284535938644365,3.38218032334529,0.0317511864578542,55.0925613278041,0.243374156162616]
[0,"0a","no","All","Mid",2,2,3,12,"11:30:48",13.1303742374661,136.415212487671,0.266991266562224,60.80778,0.218839570624435,2.38341447754264,0.0271854751081202,3.52391286023004,0.0308855782605265,61.4196180393522,0.253431159055544]
[0,"0a","no","All","Mid",2,2,3,13,"11:45:12",13.1844795936074,143.246779372181,0.278380225147198,75.2075283333333,0.219741326560124,2.33413198049523,0.0257312139505882,3.46600915131451,0.029285241333142,68.1127885370026,0.266155388174679]
[0,"0a","no","All","Mid",2,2,3,14,"11:58:09",13.7754978520897,149.999136045443,0.288498799007077,88.16401,0.229591630868162,2.32644738985216,0.0248224863097874,3.47245126789489,0.028209495276541,74.6537603669325,0.276739197206006]
[0,"0a","no","All","Mid",2,2,3,15,"12:11:54",14.4030275516957,156.740748880947,0.29827949362954,101.91449,0.240050459194928,2.30531436796491,0.0238630859518493,3.54460216227,0.0274829085663114,81.1137232377685,0.286317744229033]
[0,"0a","no","All","Mid",2,2,3,16,"12:25:52",14.5102631134332,163.541345537534,0.308307414740087,115.875658333333,0.241837718557221,2.28738643498985,0.0229897464848073,3.52657766322946,0.0265675603592998,87.7462000678313,0.296757290974341]
[0,"0a","no","All","Mid",2,2,3,17,"12:39:02",14.9212444415661,170.310411394301,0.317521374539436,129.048033333333,0.248687407359435,2.29272789971538,0.0224424000980781,3.54385364943136,0.0257676173396824,94.2945518400341,0.306013710860851]
[0,"0a","no","All","Mid",2,2,3,18,"12:52:28",15.4467743982804,177.053192523958,0.326412898853685,142.481071666667,0.25744623997134,2.2680257319329,0.0217952848632988,3.5930924146883,0.0251997222277604,100.769257722105,0.314549889337483]
[0,"0a","no","All","Mid",2,2,3,19,"13:06:04",15.5929407505641,183.793296480916,0.335038023618536,156.076488333333,0.259882345842735,2.24203079786078,0.0209677080935999,3.5868921654579,0.0244229613656267,107.333964484418,0.323357046459856]
[0,"0a","no","All","Mid",2,2,3,20,"13:19:16",16.028722673462,190.539217165686,0.343660251638282,169.273421666667,0.267145377891034,2.24067794256284,0.0204307358434535,3.63312000901982,0.0238884026080941,113.828941227652,0.331680472665031]
[1,"0b","no","Half","Mid",2,2,3,2,"09:39:01",8.8637397904923,68.904780441519,0.104121371446113,0,0,0.00980231543158202,0.00101116543747455,0,0,0.000490533982647881,0.000208291590358842]
[1,"0b","no","Half","Mid",2,2,3,3,"09:39:47",9.01709992553867,69.4916586948888,0.0860565362272564,0,0,0.544757455769529,0.0180965454755978,0.086235336686191,0.00856690641831658,0.148788583334047,0.0098932046620051]
[1,"0b","no","Half","Mid",2,2,3,4,"09:49:07",9.32690540524231,71.6875628232581,0.0866642957984931,0,0,1.14896534428432,0.0263835539336585,0.272616357997086,0.015547470213685,1.8301223241662,0.0357077840483627]
[1,"0b","no","Half","Mid",2,2,3,5,"09:56:40",9.83995613396655,77.3780826529918,0.102595779502483,0.00198166666666667,2.07456421854874E-3,2.72141710164206,0.045371809878602,2.55310942444877,0.0434850319420248,5.1989268725836,0.0531088130524998]
[1,"0b","no","Half","Mid",2,2,3,6,"10:10:10",10.7446988850285,81.0120950971197,0.111530937767212,0.157541666666667,0.0250798094787232,2.69849929761669,0.0414245258891272,3.38581820747099,0.0446765674942045,7.86785438072982,0.0709969727634226]
[1,"0b","yes","Half","Mid",2,2,3,7,"10:25:36",10.7834388577534,90.1341966298446,0.139985250640126,2.02596333333333,0.0863894752523384,2.53992647163054,0.0367694196389112,3.08646432794593,0.0392466170176092,17.2256760539834,0.122503104458218]
[1,"0b","no","Half","Mid",2,2,3,8,"10:37:15",11.068153000289,94.6246636620726,0.149285707107645,8.23809166666667,0.159697514896026,2.53266286890171,0.0344112759149595,3.11481673979624,0.0363565975040513,21.5052229943337,0.133987672053064]
[1,"0b","no","Half","Mid",2,2,3,9,"10:50:41",12.12965109878,103.012624371187,0.162210226173323,20.6970166666667,0.201610167823832,2.48948953227024,0.0322292978868871,3.49159035464484,0.0361326366169237,29.4275551934823,0.147157761819657]
[1,"0b","no","Half","Mid",2,2,3,10,"11:05:18",12.134832422767,108.200057780936,0.175880826446769,35.3163616666667,0.202247207046117,2.40576100357005,0.0300269454661793,3.35789027015604,0.0334974731858481,34.6348002478976,0.164782262654678]
[1,"0b","no","Half","Mid",2,2,3,11,"11:17:43",12.4908061158128,116.204175788488,0.187820660792913,47.7183316666667,0.208180101930214,2.41973421993744,0.0284180535746962,3.36858582768018,0.0316744705718335,42.5758163567003,0.177215589936033]
[1,"0b","no","Half","Mid",2,2,3,12,"11:31:05",13.0426439379394,121.526815067011,0.199942903895765,61.0885683333333,0.217377398965656,2.39268939165276,0.0271508716479044,3.52912375385319,0.0309543899180838,47.6593444136527,0.18920808342443]
[1,"0b","no","Half","Mid",2,2,3,13,"11:45:10",13.2489050415417,129.461549699153,0.214713061365996,75.1753566666667,0.220815084025695,2.34938819237096,0.0259207994947056,3.48250056772709,0.0294530751849139,55.5820175534684,0.206515126095288]
[1,"0b","no","Half","Mid",2,2,3,14,"11:58:25",13.7881659108307,135.083117149957,0.226373152180367,88.4212416666667,0.229802765180512,2.35118916918178,0.0250368647682678,3.50334401146289,0.028371926935159,61.0771161961332,0.218415692716816]
[1,"0b","no","Half","Mid",2,2,3,15,"12:11:46",14.4235664765829,142.707210323903,0.237636629125162,101.770986666667,0.240392774609715,2.3037173625397,0.0239503159927228,3.54001341274276,0.027498650178461,68.5962301759614,0.230551307402135]
[1,"0b","no","Half","Mid",2,2,3,16,"12:25:46",14.4347216159631,148.500170912828,0.248681875850221,115.781676666667,0.240578693599386,2.28214401044545,0.0229976896800537,3.53215433018408,0.0265187557409913,74.2910195884198,0.242069717027837]
[1,"0b","no","Half","Mid",2,2,3,17,"12:38:54",14.8351274520219,156.11563960092,0.25926790616561,128.910505,0.247252124200365,2.27159243861397,0.0224103536050931,3.56505834033638,0.0257869580768204,81.7927976219312,0.253163498909148]
[1,"0b","no","Half","Mid",2,2,3,18,"12:52:25",15.298119060398,161.989523861153,0.269339559782702,142.426636666667,0.254968651006634,2.25835125053106,0.0217560893654461,3.6168176627634,0.025164856651149,87.5031812824161,0.263019592211907]
[1,"0b","no","Half","Mid",2,2,3,19,"13:05:55",15.5296956511434,169.483149419858,0.279734199897194,155.919805,0.25882826085239,2.23911380855573,0.0210197704478849,3.62221891267824,0.0245150273216579,94.9271045329311,0.274256366674746]
[1,"0b","no","Half","Mid",2,2,3,20,"13:19:17",15.9935789012953,175.447827672369,0.289401763490604,169.290011666667,0.266559648354921,2.23424240820346,0.0204562225357434,3.64697844366491,0.0239321813700949,100.753764289018,0.283594252600574]
[2,"0c","no","All","Doc",2,2,3,2,"09:13:46",8.44044313341568,69.165748515525,0.105742606525689,0,0,0.00619697807610695,0.000764019853052586,0,0,{"v":6.06511520437866e-05,"d":"6.07E-05"},{"v":7.93402039400824e-05,"d":"7.93E-05"}]
[2,"0c","no","All","Doc",2,2,3,3,"09:17:58",8.94006309808872,70.4804494642624,0.0919584819188923,0,0,0.772867218337861,0.0363887388820915,0.000303939957103051,0.000336109205806206,0.410199561260699,0.0231957440983882]
[2,"0c","no","All","Doc",2,2,3,4,"09:24:34",8.25574888450639,72.8158023101415,0.0943422256548211,0,0,0.712552026103231,0.0254263658858467,0.00767616435639011,0.00174422227485451,2.92287066739595,0.0566373732604397]
[2,"0c","no","All","Doc",2,2,3,5,"09:34:31",8.8707949517817,80.1433336768477,0.102553177050003,0,0,2.71501257434089,0.045182211087962,1.73039573480253,0.0384176523720102,8.19893069782201,0.0762018845149459]
[2,"0c","no","All","Doc",2,2,3,6,"09:41:39",10.8813058196565,84.1896437687878,0.105314922796725,0.000288333333333333,0.000565191364344158,2.62359477740943,0.0408852799363857,5.25629704181327,0.0613284948493657,8.39505842307727,0.0703559633061056]
[2,"0c","no","All","Doc",2,2,3,7,"10:01:02",9.9566867901998,91.6783086161106,0.123018183422159,0.012875,0.00645629216351605,2.48098373882321,0.0364002671686769,9.89955290545301,0.0713170402433447,10.9812555965522,0.0787597843938266]
[2,"0c","yes","All","Doc",2,2,3,8,"10:18:18",12.1981332391315,98.6645499154608,0.1513068186947,0.81309,0.0566911132997325,2.42317210714237,0.0340173422842386,14.6904246220256,0.119122711935665,12.9621544051434,0.0969000229798517]
[2,"0c","no","All","Doc",2,2,3,9,"10:33:09",11.1462149610233,104.989474119611,0.17578743552275,5.41866666666667,0.138576688118231,2.37987401642808,0.0315472549896928,18.3165414334999,0.147068491413119,15.4177208254545,0.126466231487854]
[2,"0c","no","All","Doc",2,2,3,10,"10:44:27",10.7905438153233,111.207182028163,0.194822389549638,14.5301833333333,0.177595836217818,2.37668000008528,0.0300424850203136,21.1558307283887,0.164998545939048,18.6347504437301,0.146134203709635]
[2,"0c","no","All","Doc",2,2,3,11,"10:53:44",11.5027635618732,117.147681449514,0.208475862877709,23.7383483333333,0.191675522802671,2.35528807314034,0.0283727576492043,24.7246082996392,0.182064324266724,20.7894392707612,0.153284714566529]
[2,"0c","no","All","Doc",2,2,3,12,"11:05:11",13.1889985442729,123.085140092296,0.220577757200352,35.19213,0.219816642404548,2.3349609567004,0.0270351710446085,29.3344599622868,0.19875815003298,21.8518232347615,0.154992381170323]
[2,"0c","no","All","Doc",2,2,3,13,"11:19:49",12.6452087255088,129.48186696646,0.234744549237164,49.8280933333333,0.21075347875848,2.30962568615569,0.0257350918604049,33.9372379658302,0.210973198947136,23.4363651399362,0.156985012759167]
[2,"0c","no","All","Doc",2,2,3,14,"11:32:15",13.2992309891165,135.953745479825,0.247671276446557,62.254175,0.221653849818608,2.30162249455245,0.0247490788358394,38.8879118298005,0.223755551724828,24.7516541587287,0.158691804408907]
[2,"0c","no","All","Doc",2,2,3,15,"11:46:39",13.8679967758237,142.361451297484,0.259209224967529,76.6576366666667,0.231133279597061,2.25511476351536,0.0236746233420763,44.8108056628269,0.241456366105014,25.0332663126006,0.158847543303517]
[2,"0c","no","All","Doc",2,2,3,16,"12:01:18",13.2669118129482,148.819250775674,0.271424980286372,91.3075683333333,0.22111519688247,2.23992170799582,0.0229097796169458,50.0936355974549,0.256245146179578,26.0668225119395,0.164862932620681]
[2,"0c","no","All","Doc",2,2,3,17,"12:13:37",13.7535389844617,155.209854441769,0.282498125800682,103.628321666667,0.229225649741029,2.2470797105729,0.0223601402826353,54.6430762579821,0.268453085123336,27.7462746944836,0.174793392958366]
[2,"0c","no","All","Doc",2,2,3,18,"12:26:06",14.771028419423,161.470573262975,0.292241758080129,116.114293333333,0.246183806990384,2.21402051997761,0.0213584785797933,59.7318073195732,0.280704509010044,28.7501249286302,0.179777168571459]
[2,"0c","no","All","Doc",2,2,3,19,"12:39:52",14.8639212384307,167.910081754725,0.302507276309627,129.88117,0.247732020640511,2.22738024562815,0.0209640334675965,64.9440220375323,0.291966902730633,29.8085978712328,0.183195955108805]
[2,"0c","no","All","Doc",2,2,3,20,"12:52:28",15.464928677418,174.255799579623,0.311845063514418,142.478478333333,0.2577488112903,2.21364269018775,0.0202738145377945,70.364489771594,0.302309282215899,30.5617176592882,0.184536605855857]
[3,"0d","no","Half","Doc",2,2,3,2,"09:39:46",8.70510891502569,69.0514248081376,0.103309111975124,0,0,0.00678403952497725,8.25709990021043E-4,0,0,0.000287399220507164,0.000142982220042579]
[3,"0d","no","Half","Doc",2,2,3,3,"09:40:20",8.76705218478551,69.6648565890312,0.0865070389319061,0,0,0.377402929786707,0.0185973165651693,0,0,0.139250712615299,0.0122420703138334]
[3,"0d","no","Half","Doc",2,2,3,4,"09:47:51",8.46283449227593,71.2199904492556,0.0852831566289645,0,0,0.869176546237439,0.0266612816289329,0,0,1.4638004445064,0.0375284227885929]
[3,"0d","no","Half","Doc",2,2,3,5,"09:48:20",8.77206543159535,73.5697676327851,0.0832573490737874,0,0,1.12061316438256,0.0303835014130541,1.81915971690787,0.0409335098195386,1.63895118083141,0.0357671183702418]
[3,"0d","no","Half","Doc",2,2,3,6,"09:58:10",10.1197909582688,77.0552978383521,0.0830821800350193,0.01556,0.00834541119974547,1.26911680560039,0.0300107332540452,2.01735651444023,0.0395111317067714,4.69021121233695,0.0535610362724368]
[3,"0d","no","Half","Doc",2,2,3,7,"10:04:36",10.6638881679122,81.7140974203739,0.0824834656185684,0.048985,0.0125577396507344,1.23479929205702,0.0257068503818861,4.40216093098832,0.0549215390922269,7.19673922885501,0.06371140816217]
[3,"0d","yes","Half","Doc",2,2,3,8,"10:22:29",11.0339706990683,86.0552927899838,0.102132476732476,1.26615833333333,0.0693428543461747,1.24260470429175,0.0242490152071875,7.87666375466255,0.0885008411765152,7.94093387287221,0.0706781721932439]
[3,"0d","no","Half","Doc",2,2,3,9,"10:34:10",11.744519317127,94.6640080476252,0.104539156006706,6.25116,0.151149997055938,2.40631397029405,0.031697292186516,10.9377684638015,0.100780312288182,13.2512789117572,0.0902229861601955]
[3,"0d","no","Half","Doc",2,2,3,10,"10:46:18",11.1807119117359,99.1594560933552,0.124217122596762,16.35005,0.184718725951598,2.38438510517145,0.0299124539178918,12.664768858184,0.113482213919445,15.9536723218417,0.105407850922521]
[3,"0d","no","Half","Doc",2,2,3,11,"10:54:21",11.5125531406077,104.293360284767,0.138910910540541,24.367205,0.191837244369516,2.35342393302074,0.0284163262044384,16.6365170492654,0.125859473837774,17.0125725827195,0.108273906129178]
[3,"0d","no","Half","Doc",2,2,3,12,"11:05:41",13.119915567329,108.84972589489,0.15254180787998,35.6836566666667,0.218665259455483,2.33038216863394,0.0270582696702058,20.1242992337893,0.140643621666525,17.9581148074849,0.11095204551812]
[3,"0d","no","Half","Doc",2,2,3,13,"11:19:59",12.5105305451527,115.691439805315,0.166630649695965,49.9911716666667,0.208508842419211,2.29331723249134,0.0255829018622819,25.3375342247524,0.148559220169666,19.5038763666117,0.111892284390745]
[3,"0d","no","Half","Doc",2,2,3,14,"11:32:13",12.835746596417,120.987618923429,0.181322360248469,62.2241883333333,0.213929109940283,2.28419634570328,0.0246233613132608,29.4043411713298,0.162190310059683,20.6541582031031,0.114500335068939]
[3,"0d","no","Half","Doc",2,2,3,15,"11:46:51",13.8426771554749,128.342142555083,0.196799399242943,76.8527933333333,0.230711285924581,2.29029316734496,0.0239334942537731,35.8071464629727,0.183792332079158,21.5603202280852,0.119267047807915]
[3,"0d","no","Half","Doc",2,2,3,16,"12:01:14",13.2123173918736,133.752492378154,0.21037148547766,91.2355083333333,0.220205289864561,2.24943882730181,0.0229058473868404,40.2312145817014,0.199211269826763,22.4868714822389,0.126153780910002]
[3,"0d","no","Half","Doc",2,2,3,17,"12:13:35",13.8897301569784,141.057910488466,0.224783789082427,103.583635,0.231495502616307,2.25055383539391,0.0222655926405071,45.3186628640035,0.215141964523906,24.652744606147,0.141154635775824]
[3,"0d","no","Half","Doc",2,2,3,18,"12:26:12",14.7872449088212,146.486461299762,0.235916239178327,116.210455,0.246454081813686,2.23070066872434,0.0215511468209949,49.7690983283195,0.228265826516225,25.5514761907462,0.145953648825406]
[3,"0d","no","Half","Doc",2,2,3,19,"12:40:07",14.9788359154604,153.695314272998,0.247933641013048,130.126251666667,0.249647265257673,2.22975975036763,0.0208364796506471,55.2581014098858,0.242223680991624,27.2189063465848,0.154139436789009]
[3,"0d","no","Half","Doc",2,2,3,20,"12:52:35",15.4889046750665,159.345764138334,0.258475637219105,142.588016666667,0.258148411251109,2.22275915669839,0.0202986178355697,59.9481356455857,0.252829070509273,28.0698783042891,0.156314780934547]
[4,"1a","no","All","Mid",3,2,3,2,"09:13:27",8.36329016690926,68.9099084894503,0.103778315002057,0,0,0.00014965453438373,{"v":9.08717882898883e-05,"d":"9.09E-05"},0,0,0,0]
[4,"1a","no","All","Mid",3,2,3,3,"09:27:13",7.69098803205815,73.2987280798996,0.128774226395742,0,0,0.00271465203878901,0.000400067358663569,4.3305831073007,0.0801447088720683,0,0]
[4,"1a","no","All","Mid",3,2,3,4,"09:43:55",9.21433932095286,80.8684633923705,0.163954821312492,0,0,0.0221190289453088,0.00078358509296142,3.3357443688688,0.0630876963209343,8.33383534923379,0.142065019008098]
[4,"1a","no","All","Mid",3,2,3,5,"09:53:15",8.83104587495558,86.8208074180391,0.170374489614466,{"v":1.66666666666667e-05,"d":"1.67E-05"},{"v":3.2670021060356e-05,"d":"3.27E-05"},0.0473341999770603,0.00096071839068743,3.47113724272038,0.054128861184961,13.9369096932429,0.150826296150459]
[4,"1a","no","All","Mid",3,2,3,6,"10:05:24",8.76602809805942,92.8894384496359,0.181356681878485,0.00780833333333333,0.00388322934146023,0.0638521098918555,0.000983299000481258,4.77264287492316,0.0551700705371907,18.5262423142386,0.151350860919477]
[4,"1a","yes","All","Mid",3,2,3,7,"10:21:17",9.56539356424647,99.7168458138553,0.200348460815643,0.758875,0.0498279311383604,0.0625642874638925,0.000912634067742422,4.31272218333441,0.0489897305631493,25.6211919062281,0.183235897898311]
[4,"1a","no","All","Mid",3,2,3,8,"10:31:27",9.56641018853855,105.939569073783,0.210282802687454,3.96631833333333,0.110670466570184,0.0677524251248546,0.00088322667754014,4.3617648288485,0.0450640744189253,31.5975649790621,0.194565773213282]
[4,"1a","no","All","Mid",3,2,3,9,"10:43:57",9.6401215042497,112.160278623818,0.220664424507599,14.0257583333333,0.158243207794535,0.0712439684960058,0.000847544398874152,4.99412838703375,0.0447384140036019,37.0434584152325,0.200728708388636]
[4,"1a","no","All","Mid",3,2,3,10,"10:58:51",10.2264619454487,118.751052065242,0.233943399524937,28.853085,0.170441032424145,0.0686029963203075,0.000795914477206171,4.72148418922909,0.0412358747450313,43.6976396103183,0.219379568345526]
[4,"1a","no","All","Mid",3,2,3,11,"11:09:45",10.3093814268206,125.040265846271,0.243485476521504,39.75485,0.171823023780344,0.0695315292871319,0.000761390991944761,4.72231673018729,0.0388414118798616,49.7314913508647,0.229672298341455]
[4,"1a","no","All","Mid",3,2,3,12,"11:22:18",10.4950814744464,131.366886934097,0.253182904404175,52.3056316666667,0.174918024574107,0.0707272924677419,0.000730488635822436,5.06985551809919,0.0382418808372497,55.4956153445434,0.237160406324804]
[4,"1a","no","All","Mid",3,2,3,13,"11:36:39",10.762176515586,137.870689383348,0.264076704354387,66.661075,0.179369608593099,0.0684326469401237,6.94655342293126E-4,4.90877483861364,0.0360605964966863,61.9672195474516,0.250814184076144]
[4,"1a","no","All","Mid",3,2,3,14,"11:48:22",11.0079178589627,144.300614588371,0.273466182921894,78.3674883333333,0.183465297649378,0.0703946167440098,0.0006806783026105,4.9188411717816,0.0346323736656336,68.1598700854718,0.260910976228726]
[4,"1a","no","All","Mid",3,2,3,15,"12:01:04",11.2504524524593,150.687758481123,0.28259859447893,91.0778066666667,0.187507540874322,0.0702120849332079,6.5441237236705E-4,5.0917029455045,0.0338404639828256,74.1952844260624,0.269179963272101]
[4,"1a","no","All","Mid",3,2,3,16,"12:15:24",11.4517821755951,157.198744793577,0.292330468074147,105.41519,0.190863036259919,0.0685935094733259,0.000625520955780127,5.00275501447953,0.0325694654791717,80.6124414954337,0.280357761495908]
[4,"1a","no","All","Mid",3,2,3,17,"12:27:11",11.718484578711,163.532577858703,0.300809865889733,117.199443333333,0.19530807631185,0.0687424836663869,0.000612465149906517,4.97021091266359,0.031328514436579,86.7735028820901,0.289034645848938]
[4,"1a","no","All","Mid",3,2,3,18,"12:39:51",11.8436064111631,169.910656229677,0.309231795770521,129.866608333333,0.197393440186051,0.0683510255216756,0.000592357695501129,5.09416447239673,0.0306414526059303,92.852750066689,0.296704423715268]
[4,"1a","no","All","Mid",3,2,3,19,"12:53:38",12.0456467817718,176.375145951734,0.317976802149257,143.649406666667,0.200760779696196,0.0674252631778179,0.00057443919301204,5.05294369156599,0.029714739750908,99.1753485825588,0.306110627536873]
[4,"1a","no","All","Mid",3,2,3,20,"13:05:39",12.3026411747323,182.737621122754,0.325862314671776,155.659191666667,0.205044019578872,0.0675588133247496,0.000559645938936618,5.049066275965,0.028794012972034,105.337276029574,0.313851166953526]
[5,"1b","no","Half","Mid",3,2,3,2,"09:39:00",9.04767178267484,68.942128416961,0.10546732219866,0,0,0.000114746959809483,1.06244939839684E-4,0,0,0,0]
[5,"1b","no","Half","Mid",3,2,3,3,"09:39:20",8.66529173017885,68.9167606412566,0.0843360752675949,0,0,0.00387877964831744,0.000486150635580453,0.0782954694628092,0.00799196699836114,1.905041231218E-4,1.04233858879923E-4]
[5,"1b","no","Half","Mid",3,2,3,4,"09:47:18",8.94155875037229,70.4216472984784,0.0791519829381375,0.00047,0.000921294593902038,0.0350187261057658,0.0010097499109611,0.225510698120006,0.0130738760477931,1.23339763444786,0.0268386184959472]
[5,"1b","no","Half","Mid",3,2,3,5,"09:53:24",8.91154015839018,74.8391273845775,0.0935710184583853,0,0,0.0469842037688924,0.000951739743085237,3.4547982649282,0.0540109771586587,2.3617392968847,0.0319900510380891]
[5,"1b","no","Half","Mid",3,2,3,6,"10:05:34",8.70323601214625,77.9537405443485,0.100421570392652,0.00888833333333333,0.0042420729880659,0.0642427522262509,0.000985427099886006,4.78263648282744,0.0551222017226126,4.0285380670332,0.0442688684629324]
[5,"1b","yes","Half","Mid",3,2,3,7,"10:21:26",9.54567524106343,86.9891505498061,0.134499638339962,0.778515,0.0513006242776145,0.0630688490488244,0.000916734165468992,4.33722150537134,0.0490367171041795,13.3838291718804,0.1163550386709]
[5,"1b","no","Half","Mid",3,2,3,8,"10:31:37",9.42984458239678,91.0772866453605,0.141068809585674,4.030495,0.109704983435401,0.0682586671824226,0.000889912897873058,4.36681094824205,0.0448899268365259,17.3244376437219,0.125452409363639]
[5,"1b","no","Half","Mid",3,2,3,9,"10:44:05",9.76682063308715,98.9571190152857,0.152774093889283,14.1569716666667,0.160159877123952,0.0718785373691884,0.000851112405685805,5.00054629484297,0.0446108791925319,24.5258368951685,0.133329650396689]
[5,"1b","no","Half","Mid",3,2,3,10,"10:58:53",10.2816818451475,103.882625630011,0.16597164745039,28.8983633333333,0.171361364085792,0.0698210885258002,8.05961508199167E-4,4.71248748630078,0.0411231155319306,29.6496624341643,0.153535797826592]
[5,"1b","no","Half","Mid",3,2,3,11,"11:09:59",10.3225673789355,111.552797008109,0.174829418151581,39.98808,0.172042789648926,0.07108365014228,0.000771873967757807,4.7267642075011,0.0388262477339218,37.2336266404242,0.162880989461496]
[5,"1b","no","Half","Mid",3,2,3,12,"11:22:31",10.4146298369863,116.489684352713,0.185903776293345,52.5216616666667,0.173577163949772,0.0717753407339873,0.000738216830939913,5.05682821925787,0.0380837562727568,41.7519850185415,0.172234211340998]
[5,"1b","no","Half","Mid",3,2,3,13,"11:36:47",10.8289862581291,124.090626620451,0.201160146289907,66.7911416666667,0.180483104302152,0.0694341081947557,0.000698710945940418,4.89512180603204,0.0360566096285587,49.5153164245709,0.192178724367154]
[5,"1b","no","Half","Mid",3,2,3,14,"11:48:20",11.1420729278698,129.289900851663,0.211586966118142,78.3497116666667,0.185701215464497,0.0698077141522914,6.75373132699665E-4,4.87935925289309,0.0344565515973693,54.6445543994274,0.203246156569787]
[5,"1b","no","Half","Mid",3,2,3,15,"12:01:13",11.2948144630635,136.664644680371,0.22273571209734,91.22171,0.188246907717725,0.0698810516620716,0.000651331884477448,5.07054976671509,0.0337561800555319,61.7610245085391,0.213777653223653]
[5,"1b","no","Half","Mid",3,2,3,16,"12:15:15",11.40939803589,142.168446859143,0.233607093312327,105.257688333333,0.1901566339315,0.0683967733256691,0.000628219620325622,4.9740158926661,0.0323871042371543,67.2627733381443,0.226172920843568]
[5,"1b","no","Half","Mid",3,2,3,17,"12:26:58",11.8422515605688,149.388165371043,0.242884113337401,116.976615,0.197370859342813,0.0687653891388143,0.000611345607612429,4.984186120534,0.0313840661349389,74.4278352853402,0.236252548655136]
[5,"1b","no","Half","Mid",3,2,3,18,"12:39:45",11.928323534492,154.905285829962,0.252386598366473,129.758868333333,0.198805392241533,0.0686065708121826,0.000592827666282038,5.11538444643214,0.0307877431885092,79.7105647105776,0.244995620589612]
[5,"1b","no","Half","Mid",3,2,3,19,"12:53:24",12.0673118169229,162.140823187159,0.262939835871037,143.405281666667,0.201121863615381,0.0683191488099649,0.000576944534246639,5.10448735183828,0.029914072017298,86.8585960028975,0.256908499566637]
[5,"1b","no","Half","Mid",3,2,3,20,"13:05:30",12.3994224247209,167.727224615896,0.271876174217936,155.51143,0.206657040412015,0.0685108892396235,0.000562153570088895,5.10707687370235,0.0290598082788568,92.3324269099934,0.265682008377934]
[6,"1c","no","All","Doc",3,2,3,2,"09:13:51",8.39638182367676,69.1397689463317,0.105466745985637,0,0,{"v":9.28453192784843e-05,"d":"9.28E-05"},{"v":7.93528012835651e-05,"d":"7.94E-05"},0,0,0,0]
[6,"1c","no","All","Doc",3,2,3,3,"09:16:37",8.06411979545185,69.646378423569,0.0847798455932483,0,0,0.00215996305438023,0.000374428999630578,{"v":9.25719016624214e-05,"d":"9.26E-05"},0.000152345251959045,1.02963612324526E-4,{"v":6.39772978666973e-05,"d":"6.40E-05"}]
[6,"1c","no","All","Doc",3,2,3,4,"09:23:24",7.62518608019358,72.1084297325174,0.0894177047820919,0,0,0.0129180352729953,0.000643992907126723,0.00731415999820556,1.7239903132835E-3,2.49142595886002,0.0499280351803983]
[6,"1c","no","All","Doc",3,2,3,5,"09:30:56",7.32933085404694,77.6215977098857,0.0939583864149591,0,0,0.0462564239733974,0.00094873444418287,2.6093446645849,0.0515913458352703,5.30592522941448,0.0634079255952073]
[6,"1c","no","All","Doc",3,2,3,6,"09:36:28",8.06594831366895,81.2639965724066,0.0910725275861186,0,0,0.0461914742360446,0.000866563160701899,6.30747796482687,0.0662288739090112,4.93725082998362,0.0554751722256836]
[6,"1c","no","All","Doc",3,2,3,7,"09:57:21",8.31736932282614,88.90155564462,0.113102963621164,8.08333333333333E-4,1.13438637486285E-3,0.0476753011133341,0.000815296042371682,11.0880960054688,0.074077319680731,7.55781054843308,0.0688792878257875]
[6,"1c","no","All","Doc",3,2,3,8,"10:11:03",13.3117749251544,95.5549715123455,0.140137492337477,0.376548333333333,0.0381902642491442,0.0641286359962498,0.000865470728141847,13.3198591204717,0.102468711888296,11.830445915599,0.0971716316237023]
[6,"1c","yes","All","Doc",3,2,3,9,"10:27:00",11.0323983660763,101.471367007221,0.163926104543846,2.48514166666667,0.094904483578881,0.0637007525056393,0.00081772595633383,16.5961552068874,0.131086576160206,14.3203259303792,0.126868240740355]
[6,"1c","no","All","Doc",3,2,3,10,"10:39:06",9.69983325726823,107.482168781256,0.183934151879593,9.438555,0.152000440415584,0.0662629653161519,0.00078084366024657,18.7478283789439,0.148900876733262,17.9689525733094,0.146811045054678]
[6,"1c","no","All","Doc",3,2,3,11,"10:48:15",10.3586359710352,113.164494860831,0.196956215659585,18.2693583333333,0.1722969467804,0.0652492157586973,0.000744007074519267,23.0352656042571,0.172662904145355,19.1025556131424,0.150945294443674]
[6,"1c","no","All","Doc",3,2,3,12,"10:58:09",10.6188367148623,118.730151342777,0.208070034387061,28.1620316666667,0.176974493945319,0.0639295358684422,0.000705534095317885,26.9508400446838,0.188075502419949,20.5312219045334,0.158674204740364]
[6,"1c","no","All","Doc",3,2,3,13,"11:12:34",9.83143268514761,124.945022780894,0.222677857101849,42.5779833333333,0.163857211419127,0.0659793771715207,0.000688153515937695,30.0795587834002,0.196752615238846,23.4372430186576,0.167853439271294]
[6,"1c","no","All","Doc",3,2,3,14,"11:22:33",10.8420857197534,131.178114174372,0.234908062221495,52.5592,0.180701428662556,0.0682887196690553,0.000669913428608009,33.6038375037481,0.207165761470441,25.909040791707,0.173977770886446]
[6,"1c","no","All","Doc",3,2,3,15,"11:35:39",12.372663193602,137.149975647665,0.245492888627164,65.6520833333333,0.2062110532267,0.0663354458622974,0.000639691373445007,39.3048172173995,0.226308382722324,25.983440909531,0.174373049886089]
[6,"1c","no","All","Doc",3,2,3,16,"11:52:10",11.1251894504498,143.497897179197,0.258244348233429,82.1811966666667,0.185419824174163,0.0652696608942931,0.000614828384937165,43.7410066832064,0.240033745078871,27.7420133196784,0.183476657970444]
[6,"1c","no","All","Doc",3,2,3,17,"12:03:37",11.677551126774,149.668460596083,0.269082841152814,93.622745,0.194625852112899,0.0670822883483488,6.04714146911957E-4,47.5872501642471,0.252430493543948,29.8930211184014,0.19478122043972]
[6,"1c","no","All","Doc",3,2,3,18,"12:15:20",11.7090405928417,155.604764199887,0.278427858731914,105.349051666667,0.195150676547361,0.0654874911339311,0.000581701803734329,52.2224910018545,0.266578294461413,31.066232342215,0.201771001625989]
[6,"1c","no","All","Doc",3,2,3,19,"12:28:47",11.2311198035003,161.746456919368,0.288134684387764,118.792511666667,0.187185330058339,0.0653839652782755,0.000566726353121519,56.184292326452,0.276874880831684,33.0980278327526,0.210971168195216]
[6,"1c","no","All","Doc",3,2,3,20,"12:39:18",11.7656116111497,167.837181659843,0.297156157856016,129.313798333333,0.196093526852495,0.0663769217717689,0.000554508193271065,60.1105977983866,0.286402226969984,35.0939035323584,0.218046329456338]
[7,"1d","no","Half","Doc",3,2,3,2,"09:39:46",8.90110699964092,69.1086900472087,0.104385230690418,0,0,0.000144020821236396,1.00432331441231E-4,0,0,0,0]
[7,"1d","no","Half","Doc",3,2,3,3,"09:39:53",8.72642548371195,69.2495390372011,0.0854855067644664,0,0,0.00260378959876723,0.000399465575542098,0,0,2.02235921022601E-4,1.05592766941872E-4]
[7,"1d","no","Half","Doc",3,2,3,4,"09:46:46",8.36066947710371,70.2723784958653,0.0792063251967224,0,0,0.0160674488204858,0.00073252755958802,0,0,0.980688909330154,0.0297261480732265]
[7,"1d","no","Half","Doc",3,2,3,5,"09:46:50",8.32908579536929,72.2975640100617,0.0777329603520929,0,0,0.0113101372910993,0.000491222531391282,1.89660578468964,0.0419223941035456,0.963457581278402,0.026446893161448]
[7,"1d","no","Half","Doc",3,2,3,6,"09:55:15",8.5865352744224,75.3929507055794,0.0757629851915629,1.03333333333333E-4,0.000202554130574207,0.0223337843194627,0.000647998160259701,2.02061589276487,0.0394526832323047,3.67818675833315,0.0441364969132408]
[7,"1d","no","Half","Doc",3,2,3,7,"10:01:36",9.6249717027551,80.1983683419407,0.0771214659644385,0.0170716666666667,0.00644089757410364,0.0279398823531263,0.000666500562534998,4.44994684232048,0.0548270981848897,6.08159124712719,0.054412510419766]
[7,"1d","no","Half","Doc",3,2,3,8,"10:20:32",10.8330455909537,84.4339577941778,0.0978315592430341,0.867125,0.0549711802619235,0.0284503053601903,6.23288218526827E-4,7.6107058788297,0.0855304651508412,7.08797196382024,0.0655149062603602]
[7,"1d","yes","Half","Doc",3,2,3,9,"10:28:58",10.7401883951715,91.4054303868963,0.0940002931221337,3.17505,0.108584501650561,0.0673528757760296,0.000831964445121979,10.3902396433934,0.0922611856944486,11.18507792778,0.0858634056357449]
[7,"1d","no","Half","Doc",3,2,3,10,"10:42:47",10.7120469014227,95.7171465405115,0.115760017714888,12.9407266666667,0.173590894856967,0.0666154799880228,0.000789980810035902,12.493670198782,0.109999393031603,13.3074517173786,0.099139720055597]
[7,"1d","no","Half","Doc",3,2,3,11,"10:49:25",10.4031119953999,100.424539092509,0.130541025558373,19.43327,0.173239912350454,0.0649884651467018,0.000743181279470334,16.1795819312826,0.120854804797719,14.2362492314874,0.103616090964608]
[7,"1d","no","Half","Doc",3,2,3,12,"10:59:07",10.4082173800352,104.663031297328,0.142681041189129,29.118335,0.173470289667253,0.0635864124473984,0.000707483151993476,18.7946657786671,0.13219738267373,15.7415395535789,0.113314151312776]
[7,"1d","no","Half","Doc",3,2,3,13,"11:12:32",9.87290482448415,111.114619596505,0.156684177792532,42.53917,0.164548413741402,0.0659856722584365,0.000690415211510674,22.8815487686982,0.137272511321664,18.0662073106068,0.11832013402935]
[7,"1d","no","Half","Doc",3,2,3,14,"11:22:32",10.8324565053785,116.152089403391,0.170319589869029,52.5489733333333,0.180540941756308,0.0689088999266403,0.000673181749359031,25.7273835286629,0.148149892780809,20.1822628824533,0.124519475212773]
[7,"1d","no","Half","Doc",3,2,3,15,"11:35:29",12.5906143451226,123.003662643454,0.182024148761574,65.4981566666667,0.209843572418711,0.067073101940283,0.000644332873451203,31.279010165229302,0.169936034010724,21.4812575982286,0.129606440116483]
[7,"1d","no","Half","Doc",3,2,3,16,"11:51:53",11.4076341182117,128.294027218436,0.196606152222284,81.8851366666667,0.190127235303529,0.0661513995228166,0.000617934163162795,34.912950972387,0.183991542061916,23.0903774918117,0.13974103781984]
[7,"1d","no","Half","Doc",3,2,3,17,"12:03:26",11.8294948140027,135.3868175699,0.21092526307639,93.4499483333333,0.197158246900044,0.0670396362032629,0.000606832080200565,39.2746340112596,0.200366265561899,25.7896854872292,0.155395073799522]
[7,"1d","no","Half","Doc",3,2,3,18,"12:14:58",11.9575168511191,140.488496591762,0.22127886643685,104.982698333333,0.199291947518651,0.0661263042072917,0.000586035843966559,43.2426357643149,0.214590192942274,26.8451186066024,0.162784992448024]
[7,"1d","no","Half","Doc",3,2,3,19,"12:28:39",11.2880993727629,147.431533619868,0.233006952373111,118.662361666667,0.188134989546048,0.0657051856044442,0.000567715333701624,47.5019308948944,0.227700776440511,29.4608295681347,0.175402074964906]
[7,"1d","no","Half","Doc",3,2,3,20,"12:39:13",11.8564871446629,152.771189684,0.242911417180162,129.220486666667,0.197608119077716,0.0665044160231209,0.00055360860689282,51.1686618563932,0.23802882404769,31.03997437972,0.181662858213058]
[12,"2a","no","All","Mid",2,3,3,2,"09:13:27",8.36056114361896,68.91313056493,0.103753958920304,0,0,0.00711332033892087,0.000815533621401348,0,0,0,0]
[12,"2a","no","All","Mid",2,3,3,3,"09:20:40",10.276925555737,71.9855983966606,0.103409659902799,0,0,2.93810217775304,0.0592156607236156,0,0,2.75230678462523,0.0588245580077905]
[12,"2a","no","All","Mid",2,3,3,4,"09:45:32",10.0355773504479,80.4475513604579,0.164414631060249,0,0,2.60989156746069,0.0473541800969839,0.00110262776534278,0.000551512789438934,10.8677440372725,0.145898442499018]
[12,"2a","no","All","Mid",2,3,3,5,"09:53:35",9.99278938782722,86.8700215404287,0.172375828550021,0.00214166666666667,0.00238993517465302,2.73541139449496,0.0456973225886573,0.00248101804469334,0.000908165007373768,16.8469582512121,0.157981793388929]
[12,"2a","no","All","Mid",2,3,3,6,"10:03:28",12.4555572273445,92.663704895118,0.180586001952853,0.136946666666667,0.0239360680951881,2.72259075752614,0.0417048115364538,0.00769608431158836,0.0015023410499271,22.4394935356357,0.167810248931981]
[12,"2a","yes","All","Mid",2,3,3,7,"10:23:44",11.3358533614945,99.9017232081452,0.204797942300787,1.672975,0.0819787076247636,2.53213083616844,0.036788661142663,0.00821466528282319,1.42392534632613E-3,29.4720470202467,0.193533480498738]
[12,"2a","no","All","Mid",2,3,3,8,"10:33:44",11.4215117248745,106.531907134623,0.216953900268516,5.83629166666667,0.146800462716036,2.55257549882678,0.0345164280228481,0.00854715344736794,0.00130600318965147,35.8338316029675,0.206251326606898]
[12,"2a","no","All","Mid",2,3,3,9,"10:44:47",13.6000274148066,112.762522852739,0.226445151087404,14.9968716666667,0.220370495700357,2.48725768645161,0.0319525390218816,0.010515762406146,0.00144943896596596,41.9426386931681,0.216427515472952]
[12,"2a","no","All","Mid",2,3,3,10,"11:02:28",12.8004114810326,119.669751685118,0.241828497370903,32.466995,0.213340191350543,2.38992447592668,0.0298220101849552,0.0105764718299777,0.00139087778531592,48.6283848022499,0.232144654217794]
[12,"2a","no","All","Mid",2,3,3,11,"11:13:33",12.9173036395918,126.378176475247,0.252981048947999,43.5514966666667,0.215288393993197,2.39287098166999,0.0286239649995409,0.0106249293666625,0.00129491742853267,55.0359845591132,0.243300999012491]
[12,"2a","no","All","Mid",2,3,3,12,"11:25:48",14.705013846665,132.936035768171,0.263129952383516,55.81339,0.245083564111084,2.3738128069569,0.0272080491209736,0.011873495024612,0.00131226884671183,61.3917167881372,0.253574712065069]
[12,"2a","no","All","Mid",2,3,3,13,"11:42:21",13.8744598967012,139.838156418179,0.275671361836476,72.3613983333333,0.231240998278353,2.33009467003654,0.0257571313910888,0.0115681561864178,1.25439382973911E-3,68.113991794103,0.266398364760068]
[12,"2a","no","All","Mid",2,3,3,14,"11:54:27",14.312174782169,146.627650619748,0.286236204027979,84.450755,0.238536246369483,2.33435173763786,0.0247813292191243,0.0123913616607447,0.00125922371908168,74.6547201427897,0.277035707854465]
[12,"2a","no","All","Mid",2,3,3,15,"12:07:32",15.6964056636238,153.325814367375,0.296003191647542,97.54433,0.261606761060397,2.32608060431091,0.023961387571106,0.0118443667864959,1.17635657449034E-3,81.1853567778688,0.286822664078028]
[12,"2a","no","All","Mid",2,3,3,16,"12:22:40",15.256663921892,160.160636483791,0.306275616507182,112.678283333333,0.254277732031534,2.2989965731862,0.0231401106498474,0.0118235533709886,0.00111151869374017,87.8281090202844,0.297154648467156]
[12,"2a","no","All","Mid",2,3,3,17,"12:35:12",15.7655896682477,166.844336780862,0.315572021440041,125.207725,0.262759827804129,2.2775414830223,0.0223380509233367,0.0117620286230348,1.09338807535304E-3,94.3060522029627,0.306132059967212]
[12,"2a","no","All","Mid",2,3,3,18,"12:48:11",16.5570848283609,173.547708963214,0.324398157653054,138.189901666667,0.275951413806015,2.26304975658656,0.0217174051734674,0.0128964235259751,0.00112249276343035,100.823903265742,0.314860182185063]
[12,"2a","no","All","Mid",2,3,3,19,"13:02:31",16.1319755748572,180.300981608244,0.333415081349931,152.52987,0.268866259580953,2.24509962100193,0.021023491218148,0.0124693835099242,0.00106951262691859,107.381358097594,0.32374183681966]
[12,"2a","no","All","Mid",2,3,3,20,"13:15:10",16.3820975948507,186.968377177475,0.341695967463509,165.167108333333,0.273034959914179,2.22713953738565,0.0203483805904473,0.0138028830568421,1.10180980209698E-3,113.846178068839,0.331709038101735]
[13,"2b","no","Half","Mid",2,3,3,2,"09:39:00",9.04774336592575,68.9481134212644,0.105472591494568,0,0,0.00897386916007994,0.000976469272808068,0,0,0.000663163358452834,0.00025290903634016]
[13,"2b","no","Half","Mid",2,3,3,3,"09:39:31",8.82735874360365,69.3707804764589,0.0856668608111801,0,0,0.542915274328448,0.0179700367051621,0,0,0.144334235697713,0.00954541260302466]
[13,"2b","no","Half","Mid",2,3,3,4,"09:48:25",9.28548766079055,71.4123884907469,0.0844636559856618,0.000925,1.81318616884976E-3,1.1450777388283,0.0266607624405458,0.00114388307943714,0.000596667469325585,1.84398705581946,0.0360994778234299]
[13,"2b","no","Half","Mid",2,3,3,5,"09:53:42",9.99732960515938,74.8749518104391,0.0870389295644914,0.00731166666666667,0.00531163782956944,2.71217938020497,0.0448856036043359,0.00298597768745239,0.000881532794192064,5.26319317033862,0.0534735831576592]
[13,"2b","no","Half","Mid",2,3,3,6,"10:03:26",12.3568464733973,77.6988788449201,0.0948520261962101,0.143318333333333,0.024198892618183,2.69482250442347,0.0411970978725855,0.00926779798118776,1.69018280399613E-3,7.91732966871236,0.0708889001748512]
[13,"2b","yes","Half","Mid",2,3,3,7,"10:23:46",11.3228648880478,87.1509816262006,0.135526713728324,1.66782333333333,0.0804552401185859,2.54803266402391,0.0370241548865619,8.06594040994928E-3,1.46277370534602E-3,17.2564678729025,0.122713484868417]
[13,"2b","no","Half","Mid",2,3,3,8,"10:33:43",11.4434168999137,91.6258492576681,0.145057656964997,5.87123333333333,0.145696249194273,2.54776092266506,0.0346839025828436,0.00822243848552397,0.00130939436520228,21.5587967256594,0.13431735911463]
[13,"2b","no","Half","Mid",2,3,3,9,"10:44:52",13.655898812636,99.6471329431247,0.156343734306592,15.0932866666667,0.221100055745177,2.51939664029473,0.0326081272071465,0.0107278116658427,0.0015136666343169,29.4833273663866,0.147291025146604]
[13,"2b","no","Half","Mid",2,3,3,10,"11:02:41",12.6867103042084,104.953056017891,0.172538700538497,32.6934583333333,0.211445171736806,2.43272864821465,0.0302484543852847,0.00994250586650702,0.0013492520070192,34.6947468748065,0.164904596633054]
[13,"2b","no","Half","Mid",2,3,3,11,"11:14:04",13.032911719394,112.949953023516,0.18397688207227,44.0799166666667,0.217215195323233,2.41900545098753,0.0285638830370233,0.0107558167470777,0.00131381983775419,42.6232994908507,0.177392933476003]
[13,"2b","no","Half","Mid",2,3,3,12,"11:26:02",14.6670138907502,118.123911465133,0.195587255556379,56.0347116666667,0.244450231512504,2.3990993619841,0.0273096889036673,0.0116178481807795,0.00131636293801265,47.7200427829657,0.189442336242645]
[13,"2b","no","Half","Mid",2,3,3,13,"11:42:17",14.1626278309385,126.046278418554,0.211831276664847,72.2942,0.236043797182308,2.34234146489658,0.0259565991635169,0.011789959501226,0.00126493643983861,55.6017957094879,0.20665032804897]
[13,"2b","no","Half","Mid",2,3,3,14,"11:54:27",14.7576945290047,131.615653621228,0.223553328477252,84.4587483333333,0.245961575483412,2.33230735214774,0.0249800221084131,0.0115508409911759,1.20932208287377E-3,61.0834583331686,0.218442405652451]
[13,"2b","no","Half","Mid",2,3,3,15,"12:07:14",15.940011826828,139.225150625294,0.234812694062968,97.23811,0.265666863780466,2.29679920135209,0.0237572788263512,0.0116512838863748,0.00117427101120676,68.6390770868479,0.23044945864628]
[13,"2b","no","Half","Mid",2,3,3,16,"12:22:24",15.2876044530976,145.044008265189,0.246436893432383,112.401723333333,0.254793407551627,2.27471999967779,0.0228766648090953,0.0116238101326023,0.00115219055463764,74.3557690816856,0.242101018613023]
[13,"2b","no","Half","Mid",2,3,3,17,"12:34:54",15.6167581484003,152.638034827335,0.257018585457441,124.908443333333,0.260279302473339,2.28287972401196,0.0223771409120021,0.0126280724871542,0.00113367327208252,81.8570437788133,0.253237701690346]
[13,"2b","no","Half","Mid",2,3,3,18,"12:47:58",16.5365029034831,158.446506147259,0.267124954414601,137.978953333333,0.275608381724718,2.26621874009115,0.0216942760030779,0.0131285809146253,1.12484729789025E-3,87.5602304155779,0.263049955793039]
[13,"2b","no","Half","Mid",2,3,3,19,"13:02:07",16.0915745189664,165.883447921163,0.277589857352528,152.132671666667,0.268192908649441,2.24482283279114,0.0208866207807196,0.0134237300589982,0.00114251874054804,94.9246884147695,0.274123772683286]
[13,"2b","no","Half","Mid",2,3,3,20,"13:14:53",16.4453736690574,171.800826537459,0.287194548728752,164.88885,0.274089561150957,2.23331487614955,0.0203549294782786,0.0138638635938323,0.00112958664245888,100.734398050066,0.283348194754035]
[14,"2c","no","All","Doc",2,3,3,2,"09:13:51",8.38717922452579,69.1436726235778,0.105407050240566,0,0,0.00642196524156298,0.00078447071724256,0,0,{"v":2.31073862537073E-5,"d":"2.31E-05"},{"v":4.47465658233908e-05,"d":"4.47E-05"}]
[14,"2c","no","All","Doc",2,3,3,3,"09:19:32",9.85889386905446,71.0274801791095,0.100451757732346,0,0,1.39140853757189,0.0464524274796963,0,0,1.20695708267059,0.0449689946196283]
[14,"2c","no","All","Doc",2,3,3,4,"09:27:10",10.1817726456196,73.859868689369,0.105803256966419,0,0,0.985229193851651,0.0331426869335399,0,0,3.62671306195113,0.0686928557600548]
[14,"2c","no","All","Doc",2,3,3,5,"09:32:16",10.0284326027824,76.5939885462706,0.104101673383269,0,0,1.07207432888669,0.0293934452675651,{"v":3.4421641122475e-05,"d":"3.44E-05"},{"v":6.74668101097204e-05,"d":"6.75E-05"},6.2537760428773,0.076613157598317]
[14,"2c","no","All","Doc",2,3,3,6,"09:40:58",11.6035261496011,82.334705529861,0.107103363887157,0,0,2.70812875211753,0.0415462434550057,0.000254704159943746,1.97492051990971E-4,11.7238358231922,0.0894345926523844]
[14,"2c","no","All","Doc",2,3,3,7,"10:01:25",9.94237711626214,88.0736127990337,0.136982357300284,0.00921166666666667,0.00446127374443578,2.56444737583733,0.036837890527622,2.55751088182961,0.0455632598432408,14.6852500712461,0.096041405490996]
[14,"2c","no","All","Doc",2,3,3,8,"10:10:54",10.4138096725742,93.7466588060394,0.152611778495775,0.150691666666667,0.0241567815920804,2.55124011194748,0.0343799550022382,5.14769254674893,0.0569592714763425,17.4538133998607,0.100152266532363]
[14,"2c","yes","All","Doc",2,3,3,9,"10:22:13",12.7773903832573,100.078543732858,0.162238831121767,1.838395,0.0949944095947667,2.49988365421267,0.0321417011482436,8.34849710454481,0.064626483460394,20.3439011136673,0.106435244107557]
[14,"2c","no","All","Doc",2,3,3,10,"10:40:15",11.4483917363707,106.809488281254,0.181292148279298,10.7296533333333,0.177629655667386,2.4175600943915,0.0299594641522004,13.0565895990861,0.0966409745192798,22.1232459628779,0.106089287914215]
[14,"2c","no","All","Doc",2,3,3,11,"10:51:12",12.0690895125607,112.96386537915,0.196995508304811,21.218675,0.200750163373162,2.41494233409451,0.0288389854874732,17.7174138157076,0.122104854182851,23.3167189176094,0.102526517766944]
[14,"2c","no","All","Doc",2,3,3,12,"11:03:21",13.9481127641829,118.824184580685,0.211728703163653,33.35922,0.232468546069715,2.38282096132202,0.0272434850579084,22.153487759855,0.14000266378595,24.5252346344816,0.0990415381844919]
[14,"2c","no","All","Doc",2,3,3,13,"11:19:47",12.9461803079063,125.101776837501,0.228196021261404,49.7892766666667,0.215769671798439,2.34259153502821,0.0259341433090077,26.6671964563986,0.154895901509567,26.0867788522657,0.0975757913373128]
[14,"2c","no","All","Doc",2,3,3,14,"11:31:31",13.3545829553127,131.221256586853,0.242050972237946,61.5295616666667,0.222576382588545,2.31179485689444,0.0244774550808203,31.0018969797601,0.165736042402701,27.6170113770099,0.0970227338792796]
[14,"2c","no","All","Doc",2,3,3,15,"11:44:16",14.84514213803,137.498172175538,0.254833008351426,74.27085,0.247419035633834,2.3116404158808,0.0239389409066028,35.2174350634756,0.174355902277661,29.4920259782288,0.0983548301992219]
[14,"2c","no","All","Doc",2,3,3,16,"11:59:29",14.1703956958038,143.866116674283,0.267779568139,89.4880133333333,0.23617326159673,2.26856374646484,0.0229436330982482,39.4756688372216,0.182646015816051,31.4649255917947,0.100413267032439]
[14,"2c","no","All","Doc",2,3,3,17,"12:11:43",14.7003158574936,150.205341946767,0.27957178395063,101.731065,0.245005264291561,2.26114813558907,0.0221909893562783,43.6376840947246,0.189447283688754,33.4727449661496,0.103306939107421]
[14,"2c","no","All","Doc",2,3,3,18,"12:24:52",15.7971779240279,156.563811482101,0.290731912351087,114.870513333333,0.263286298733799,2.24570058774391,0.0215221376767727,47.7510115662706,0.195345885255883,35.5876489332897,0.106663999490161]
[14,"2c","no","All","Doc",2,3,3,19,"12:39:38",15.3566114559163,163.071163810632,0.302123482916509,129.639495,0.255943524265272,2.24048965535325,0.0208936001579688,51.8251209734019,0.200976918703565,37.8843172775959,0.110833302885547]
[14,"2c","no","All","Doc",2,3,3,20,"12:52:12",15.7779620723922,169.435128436877,0.312491406018993,142.201921666667,0.26296603453987,2.22317791175196,0.0202549050454741,55.826845381938,0.205731697810653,40.0794748710791,0.114674898526661]
[15,"2d","no","Half","Doc",2,3,3,2,"09:39:46",8.89805684213728,69.1105605186906,0.104349661175949,0,0,0.00574273677400979,0.000756335912680942,0,0,3.25951836639783E-4,0.000152925830677569]
[15,"2d","no","Half","Doc",2,3,3,3,"09:40:15",8.83562341294251,69.6019514228301,0.0861919178299957,0,0,0.359579104379053,0.0173109057989626,0,0,0.118140851630063,0.010671268233866]
[15,"2d","no","Half","Doc",2,3,3,4,"09:48:04",8.78716582014745,71.1128884386294,0.0837824788372253,0,0,0.816701956328143,0.0253438579398821,0,0,1.3389247899365,0.0341044582610802]
[15,"2d","no","Half","Doc",2,3,3,5,"09:52:23",9.24114903994177,73.9721830806098,0.0865345384476926,0.000355,0.000695871448585582,1.70717058218122,0.0365754336689505,0,0,3.91061168128729,0.0530584393277261]
[15,"2d","no","Half","Doc",2,3,3,6,"10:01:46",11.635574840011,77.3164146223876,0.102012658834252,0.0850133333333333,0.0178334091518494,1.88598534935094,0.034790660141339,0,0,7.02687374099715,0.0723983596292181]
[15,"2d","no","Half","Doc",2,3,3,7,"10:07:40",12.0034782595151,80.2190790288745,0.0953432075023889,0.161058333333333,0.023815015369094,1.37135894186814,0.0280847294103457,1.33741345444648,0.028208299246956,8.45962192332568,0.0756003385729939]
[15,"2d","no","Half","Doc",2,3,3,8,"10:23:37",10.8252618285118,84.7374278456858,0.114060982916173,1.513695,0.0759456970337164,1.42697178746818,0.026507118012096,3.49615358838912,0.0497508129712662,10.654324772926,0.0785750517467058]
[15,"2d","yes","Half","Doc",2,3,3,9,"10:27:44",12.2019140783071,88.6393165541899,0.105434833964362,3.21547,0.117055399099334,1.42133318554187,0.0246483317852337,5.22229720404119,0.0581868763003002,12.7366360466758,0.0793838688225112]
[15,"2d","no","Half","Doc",2,3,3,10,"10:42:02",11.6469107166368,93.0642047166605,0.125341066578311,12.310285,0.185861266253551,1.47063172665098,0.0236776231148814,8.52455506307994,0.0807434806272845,13.736161711711,0.0771397259682758]
[15,"2d","no","Half","Doc",2,3,3,11,"10:51:17",12.0631671094543,100.349560713107,0.122721965279903,21.2978716666667,0.200752678522237,2.42476421845118,0.0286866578580393,10.4710901791795,0.0925023440706518,18.9578872216246,0.081688853532874]
[15,"2d","no","Half","Doc",2,3,3,12,"11:03:19",13.8518883336364,104.737006005454,0.140335807858795,33.3251716666667,0.230864805560607,2.39294494453735,0.0272282082792638,13.7681633993168,0.105521518880965,19.9520588450229,0.0795847427567315]
[15,"2d","no","Half","Doc",2,3,3,13,"11:19:31",12.9219809163067,111.517881615009,0.162444141775981,49.5183883333333,0.215366348605112,2.34326237795865,0.0258368119916869,16.7960619263678,0.108732142768772,23.6617381154985,0.087688581195671]
[15,"2d","no","Half","Doc",2,3,3,14,"11:31:18",13.2824561178229,116.514338634883,0.178204598831306,61.31219,0.221374268630381,2.33595779091725,0.0248264739509927,20.1526052970696,0.119582243671584,25.2057539717667,0.0878273468792165]
[15,"2d","no","Half","Doc",2,3,3,15,"11:44:01",15.1104553554254,123.374675855041,0.193498873156986,74.0327766666667,0.251840922590423,2.29789567567545,0.0238263135020408,23.5862586517417,0.121342484403,28.5632504396481,0.0950473980400289]
[15,"2d","no","Half","Doc",2,3,3,16,"11:59:22",14.4518769677443,128.740061421878,0.208502215809884,89.380105,0.240864616129072,2.26513607681502,0.0228194671310583,26.9108536737463,0.130312230459837,30.5310163062817,0.0977142199761687]
[15,"2d","no","Half","Doc",2,3,3,17,"12:11:40",14.9531379921141,135.877105200015,0.220902711422391,101.670748333333,0.249218966535235,2.25630883099446,0.0221971607608527,31.2483699510798,0.133975756424562,33.3236302248463,0.103013781353433]
[15,"2d","no","Half","Doc",2,3,3,18,"12:24:42",15.983448549448,141.357187865042,0.233563043383192,114.708333333333,0.266390809157467,2.23509639574149,0.0214161000813523,34.557901033028,0.141508232464645,35.4278628780229,0.10645783412773]
[15,"2d","no","Half","Doc",2,3,3,19,"12:39:26",15.4475135429174,148.680154775198,0.246501778952156,129.44513,0.257458559048624,2.23808623978638,0.0208579122997865,39.529770528689,0.149135053906057,37.7172410751399,0.110559127352874]
[15,"2d","no","Half","Doc",2,3,3,20,"12:52:07",15.9986083044234,154.355076202636,0.258144832333374,142.121226666667,0.266643471740389,2.23099895409307,0.0203810925758134,42.8498460104622,0.155348981469101,39.9918423547103,0.114574608271926]
[16,"3a","no","All","Mid",3,3,3,2,"09:13:15",8.41527800809354,68.6928095178309,0.103722943824598,0,0,0.000131281659398763,{"v":9.21038854697982e-05,"d":"9.21E-05"},0,0,0,0]
[16,"3a","no","All","Mid",3,3,3,3,"09:16:00",8.11289818523426,69.0512706633346,0.0852029497620776,0,0,0.00269715698219115,0.00038912316234121,0,0,0,0]
[16,"3a","no","All","Mid",3,3,3,4,"09:43:23",9.31384386960488,77.4884213917368,0.162037161953161,0,0,0.0226481336200211,0.000795301869174507,0.000668403782269115,4.3982789339182E-4,8.33119270132307,0.14203252004083]
[16,"3a","no","All","Mid",3,3,3,5,"09:49:46",9.16967935732275,83.2969776513278,0.167779552901591,1.16333333333333E-3,1.79632691200011E-3,0.0470246366160675,0.000951146879869929,0.00255377696616871,0.000954732706865343,13.9463992592034,0.150950109873062]
[16,"3a","no","All","Mid",3,3,3,6,"09:55:45",9.82209562186772,88.1157322888474,0.166681054020662,0.00205,0.00216919787091972,0.0639281893927437,0.000985053033916202,0.011426294120714,1.89363743846846E-3,18.5255794560055,0.151338287637664]
[16,"3a","no","All","Mid",3,3,3,7,"10:19:39",9.92569239819186,95.4254511346357,0.19614895300736,0.6399,0.0477087024662287,0.0628887068079919,0.000917293712155715,0.00923524589342702,0.00151970371031427,25.6548605531563,0.183440582293491]
[16,"3a","yes","All","Mid",3,3,3,8,"10:27:30",9.96949329938175,101.592052572594,0.20672426488519,2.36766666666667,0.0913180741539219,0.0680830005914142,0.000885169174866739,0.010607000139178,1.57096074544319E-3,31.6482146232178,0.194907817483801]
[16,"3a","no","All","Mid",3,3,3,9,"10:35:24",11.0896426532951,107.24683594202,0.212518444367019,6.87585,0.151635858297823,0.0720863036991938,0.000852415759948112,0.0140868941430967,1.74461304473189E-3,37.0679399651595,0.200901461818142]
[16,"3a","no","All","Mid",3,3,3,10,"10:56:31",10.7871908274742,114.132141100938,0.23042785936403,26.5290266666667,0.179786513791236,0.0690796469277027,0.000797586586142021,0.015366714721639,0.00171838557077999,43.7067900081652,0.219497973597129]
[16,"3a","no","All","Mid",3,3,3,11,"11:05:14",10.9473045842713,120.396045324383,0.24043947692314,35.2494983333333,0.182455076404521,0.0712179899631017,0.000768176421789187,0.014212101060357,0.00158038318137863,49.7613938243062,0.22977156255462]
[16,"3a","no","All","Mid",3,3,3,12,"11:14:33",12.1079592903709,126.361446662053,0.247888401977408,44.550035,0.201799321506182,0.0714177716651222,0.000737143016478857,0.0170070619441024,0.00168931566915759,55.5296349234823,0.237299588826271]
[16,"3a","no","All","Mid",3,3,3,13,"11:33:42",11.4424359505117,133.062516644228,0.261167449836023,63.708575,0.190707265841862,0.0692619455468255,0.00069893067297769,0.0158888056548799,1.4931671561225E-3,61.9952376997404,0.250950536571946]
[16,"3a","no","All","Mid",3,3,3,14,"11:43:37",11.8565812758654,139.459793560361,0.270952905945068,73.6318366666667,0.19760968793109,0.0704682890049769,0.000679158378541141,0.0163568454153331,1.47430186897875E-3,68.2141522760464,0.261028771964707]
[16,"3a","no","All","Mid",3,3,3,15,"11:54:17",13.0021487596116,145.65455451126,0.279156127581096,84.289425,0.21670247932686,0.0704974860871077,0.000658284673103619,0.019139067050881,0.00154745499158171,74.2274832216379,0.269295046538155]
[16,"3a","no","All","Mid",3,3,3,16,"12:12:00",12.2394449910909,152.260899190849,0.290206986358399,102.006046666667,0.203990749851514,0.0687180065709765,6.29388510660712E-4,0.0174880383119159,0.00145099019854676,80.6299877315056,0.280427076507613]
[16,"3a","no","All","Mid",3,3,3,17,"12:22:28",12.5861506175727,158.626246851434,0.299013362279654,112.482941666667,0.209769176959545,0.068940017281708,6.1253760095375E-4,0.0174086041010773,0.00137184490199821,86.8287050736912,0.289148901276058]
[16,"3a","no","All","Mid",3,3,3,18,"12:33:19",13.5042028777421,164.882354148694,0.306703395601162,123.328393333333,0.225070047962369,0.0688793361519096,0.000592074334156759,0.01812228098241,0.00136019019393667,92.9117530320052,0.296859517714874]
[16,"3a","no","All","Mid",3,3,3,19,"12:49:56",12.8110280181389,171.418984367582,0.316254017795341,139.939145,0.213517133635648,0.0676953711829799,0.000573397606934241,0.0176233594513855,1.29280912956708E-3,99.2460309176639,0.306187472693583]
[16,"3a","no","All","Mid",3,3,3,20,"13:00:46",13.109490823928,177.799025282278,0.324228958249264,150.781518333333,0.218491513732134,0.0677775765996323,0.000559055039757087,0.0177608943851762,0.0012701573073126,105.371650268,0.31391636303455]
[17,"3b","no","Half","Mid",3,3,3,2,"09:39:13",8.73685781787496,69.5752194637471,0.103948410665679,0,0,0.000258697357502281,0.000156234811355678,0,0,{"v":1.50827703176866E-5,"d":"1.51E-05"},{"v":2.9563475826759e-05,"d":"2.96E-05"}]
[17,"3b","no","Half","Mid",3,3,3,3,"09:39:11",8.73062545670219,69.3782543290474,0.0851698553425903,0,0,5.26351067706684E-3,0.000614105436568899,0,0,0.000194972408768406,1.00929269096073E-4]
[17,"3b","no","Half","Mid",3,3,3,4,"09:47:42",9.10345215955908,70.9368978707365,0.0801371498809816,0,0,0.0459489138601701,1.33216285423665E-3,1.86806818738456E-3,0.00086146309156438,1.3992174887053,0.0288329234042691]
[17,"3b","no","Half","Mid",3,3,3,5,"09:50:59",9.2072342941121,72.1516511946092,0.0743552025368578,0,0,0.0637174523920397,1.2778582008571E-3,1.81455277484856E-3,0.000680052739164998,2.54263449751556,0.0334939355296056]
[17,"3b","no","Half","Mid",3,3,3,6,"09:57:00",9.83451036630031,74.039541646445,0.0768468185393372,0.000815,0.00106642346819986,0.0888525390954128,1.34681917972006E-3,0.0109139060179952,1.84118729123074E-3,4.30755449539105,0.0461814433311067]
[17,"3b","no","Half","Mid",3,3,3,7,"10:21:07",9.97817610690867,83.565779767783,0.132347397649013,0.839355,0.0548157501429158,0.0867266190286812,1.25019050192254E-3,0.0117205191523393,0.00185128942351809,13.8068904809121,0.119059822756662]
[17,"3b","yes","Half","Mid",3,3,3,8,"10:29:13",10.0501423974211,87.7158658263152,0.140366942592312,3.04308333333333,0.103691917370737,0.0931724510782318,0.00119746074374071,0.012104258084773,0.00171468282655056,17.845390986133,0.128406430614815]
[17,"3b","no","Half","Mid",3,3,3,9,"10:36:53",10.9423514380812,95.0387737685137,0.146544536067845,7.922205,0.15723436117436,0.0991925380942258,0.00116271185080655,0.0148586230062494,1.77484108937067E-3,25.145387597906,0.136311066766073]
[17,"3b","no","Half","Mid",3,3,3,10,"10:58:17",10.6444861696598,100.303662899369,0.165343550699948,28.2997366666667,0.177396282606841,0.0953581006947821,1.08277212110322E-3,0.0145467606389874,1.69032035231525E-3,30.3608428326622,0.156718081361165]
[17,"3b","no","Half","Mid",3,3,3,11,"11:07:31",10.9760080918079,108.047895189706,0.173369363882944,37.52132,0.182933468196798,0.0983984271035467,0.00104518590420173,0.0154057660370503,0.00161976482443982,38.0216831379937,0.165823085776699]
[17,"3b","no","Half","Mid",3,3,3,12,"11:16:52",12.1585521473409,112.748979208565,0.182681759792815,46.8718283333333,0.202642535789015,0.0999305226705929,1.00954728817564E-3,0.0189993921610625,0.00177256081834913,42.6375520263165,0.175487670168218]
[17,"3b","no","Half","Mid",3,3,3,13,"11:35:57",11.5524698722325,120.63383789264,0.20129599067135,65.963555,0.192541164537208,0.0960203583736235,0.000956873884284853,0.0161520392213776,0.001524457936192,50.482773633491,0.195320339540743]
[17,"3b","no","Half","Mid",3,3,3,14,"11:46:02",11.6579562806777,125.87405503179,0.212024618438159,76.0393016666667,0.194299271344628,0.096106720052915,0.000919749146527229,0.0164262540824327,0.00148327125607393,55.64567969751,0.206184380713817]
[17,"3b","no","Half","Mid",3,3,3,15,"11:56:16",12.7567408590674,133.086700065029,0.221454621181699,86.275095,0.212612347651124,0.0964723988897293,0.000889860712012541,0.0178511580531256,0.00145756278410394,62.7983322847907,0.21626597973462]
[17,"3b","no","Half","Mid",3,3,3,16,"12:13:59",12.0631392795099,138.713757937568,0.233792874808508,103.99079,0.201052321325165,0.0947519838950552,0.000856856698889899,0.0178835917170926,0.0013931260571953,68.3592616711532,0.228742475020026]
[17,"3b","no","Half","Mid",3,3,3,17,"12:24:45",12.5910991163819,146.018497756246,0.243432564879364,114.762613333333,0.209851651939698,0.0950117862909406,0.000830873482032584,0.0179967188548803,0.00139446115964313,75.6079337478599,0.23886796441306]
[17,"3b","no","Half","Mid",3,3,3,18,"12:35:46",13.4654272397223,151.453344300533,0.252487388324647,125.77524,0.224423787328705,0.0954599132722014,0.000811872662638027,0.0191491958660749,1.3888971190636E-3,80.960461214513,0.247789184646265]
[17,"3b","no","Half","Mid",3,3,3,19,"12:52:12",12.8667251524277,158.780882362925,0.264072959344107,142.212755,0.214445419207129,0.0930857469952704,0.000777033986775379,0.0193271833289994,1.35495530596775E-3,88.2283605985918,0.259782820503244]
[17,"3b","no","Half","Mid",3,3,3,20,"13:03:37",13.1478128797337,164.422188134386,0.273375733712914,153.623731666667,0.219130214662228,0.0935181499775751,0.000760352492827369,0.0197735158369499,1.35472951512484E-3,93.7945181437853,0.268866459088985]
[18,"3c","no","All","Doc",3,3,3,2,"09:13:37",8.4335416457013,68.9091474599576,0.105335247905636,0,0,{"v":3.44672015577707e-05,"d":"3.45E-05"},{"v":3.79045648387906e-05,"d":"3.79E-05"},0,0,0,0]
[18,"3c","no","All","Doc",3,3,3,3,"09:16:45",8.13729845141257,69.6297096024186,0.0868259102561311,0,0,0.00195880368527206,0.000341557892497369,0,0,{"v":6.9480282332087e-05,"d":"6.95E-05"},{"v":6.43273009972935e-05,"d":"6.43E-05"}]
[18,"3c","no","All","Doc",3,3,3,4,"09:25:27",8.92326230366658,72.5744299783077,0.0983568749219283,0,0,0.0104298436592934,0.000619283956672063,0,0,2.82599255087152,0.0585214171371434]
[18,"3c","no","All","Doc",3,3,3,5,"09:29:46",8.8222195553849,75.19272248444,0.0961589578570185,0,0,0.0223309534458228,0.000723757657101839,1.55625379507941E-4,0.000252372282408412,5.40875288072622,0.067051154762713]
[18,"3c","no","All","Doc",3,3,3,6,"09:32:54",8.74093265464559,77.8459129427092,0.0875669284272386,0,0,0.0633195135914341,0.000979308452876848,0.00439200672245937,1.11148878611682E-3,7.82567753434967,0.0699551824783771]
[18,"3c","no","All","Doc",3,3,3,7,"09:57:30",8.32671691344988,83.7486334726075,0.126456927847361,0,0,0.0619337371573155,0.000910975406814727,2.79176076774962,0.0462269618124477,10.7471813140159,0.0822612827302612]
[18,"3c","no","All","Doc",3,3,3,8,"10:04:31",8.84099089077484,89.3182990874745,0.139770433339453,0.00915666666666667,4.91368825767622E-3,0.06773548172816,0.000886918075464203,5.66847343292066,0.0569570323021517,13.2181956841046,0.0864707097101535]
[18,"3c","yes","All","Doc",3,3,3,9,"10:12:28",10.3970809289142,95.3273752848948,0.143669757140584,0.187646666666667,0.0251792301577082,0.0713362550263272,8.43338430128889E-4,9.05050910526427,0.0636258047512472,15.5122694250427,0.0895625055703051]
[18,"3c","no","All","Doc",3,3,3,10,"10:34:28",9.23339912999671,101.712750922659,0.167643670026349,5.65500666666667,0.127132086433708,0.0688987140797043,0.000795805836884346,13.9551663124015,0.1026615779452,16.7103312240883,0.088385976146212]
[18,"3c","no","All","Doc",3,3,3,11,"10:42:38",9.72561178533313,107.248467397597,0.182847640084916,12.7123766666667,0.159578981934365,0.0698353606218772,0.000758576416992119,18.5938770438509,0.12703105703345,17.3794770651377,0.0838128526506861]
[18,"3c","no","All","Doc",3,3,3,12,"10:51:52",11.3334956454407,112.536995765592,0.195122861676966,21.8763766666667,0.188762272885237,0.0706927735998776,7.2757222610751E-4,22.9642797860114,0.143316747546091,18.0845537209156,0.0802411200256518]
[18,"3c","no","All","Doc",3,3,3,13,"11:11:40",10.1609399284667,118.652722316253,0.213241474982295,41.68028,0.169348998807778,0.0692472613435137,0.000699955799642528,27.3985850959533,0.157037412476211,19.5306883716983,0.079794654596769]
[18,"3c","no","All","Doc",3,3,3,14,"11:20:51",10.6451811783812,124.445632490375,0.226290048263454,50.8620516666667,0.177419686306353,0.06950241538855,0.000672599508457874,31.6931534469013,0.16700029130261,20.8384375328778,0.07934606025543]
[18,"3c","no","All","Doc",3,3,3,15,"11:30:59",12.1756981930711,130.125290806113,0.237376535232343,60.9889566666667,0.202928303217852,0.0700270420078354,0.000652360953623612,35.7682781223145,0.174746361440798,22.2530113206314,0.0800831160711335]
[18,"3c","no","All","Doc",3,3,3,16,"11:49:10",10.9819688843714,136.352532086869,0.251491403616057,79.1674516666667,0.183032814739523,0.0683416384718144,0.00062629326218495,39.9348014148697,0.182199568508005,24.097598550216,0.0833075440906404]
[18,"3c","no","All","Doc",3,3,3,17,"11:59:10",11.6180819062642,142.328676339885,0.262791915073281,89.1702683333333,0.193634698437737,0.068218364966461,0.000605411484682115,44.1001238605107,0.188918932613725,25.7886250912342,0.0856627796530075]
[18,"3c","no","All","Doc",3,3,3,18,"12:10:07",12.7484975504938,148.26496504889,0.272726120687934,100.123405,0.212474959174896,0.068327250383014,5.90254818189048E-4,48.1782703460607,0.194775761750858,27.5298337612157,0.0881702992706092]
[18,"3c","no","All","Doc",3,3,3,19,"12:27:01",11.8093570978287,154.452986487647,0.284317111127892,117.0283,0.196822618297145,0.0677967064225008,0.000573227122659786,52.2198598942602,0.200216103009804,29.5379874261338,0.0925102823681233]
[18,"3c","no","All","Doc",3,3,3,20,"12:37:35",12.2735444836683,160.552278044293,0.29424663889201,127.588416666667,0.204559074727805,0.0677894968217524,0.000559491120256999,56.1931102307978,0.205012300996811,31.4629548423013,0.0961569911437519]
[19,"3d","no","Half","Doc",3,3,3,2,"09:39:49",8.81571069420081,69.0481282293209,0.103950693638329,0,0,1.09891434088273E-4,{"v":9.15887591348668e-05,"d":"9.16E-05"},0,0,0,0]
[19,"3d","no","Half","Doc",3,3,3,3,"09:39:43",8.68580004177123,69.0517662784057,0.0853339021874214,0,0,0.00250117586739851,0.00041315205088292,0,0,{"v":8.97410178662151e-05,"d":"8.97E-05"},{"v":7.61838989021425e-05,"d":"7.62E-05"}]
[19,"3d","no","Half","Doc",3,3,3,4,"09:46:48",8.43803633633216,70.1004828991015,0.0783538150068316,0,0,0.0155538272447662,0.00072172038937772,0,0,0.874711643631801,0.0262949422898256]
[19,"3d","no","Half","Doc",3,3,3,5,"09:50:01",8.33963667061795,71.9837938054774,0.0741724438122023,0,0,0.0292904503344534,0.000783412886201863,0,0,2.40237155247761,0.0393057029180574]
[19,"3d","no","Half","Doc",3,3,3,6,"09:56:22",9.24755889528966,74.5195585342373,0.0878372772224938,0.0011,1.04483134373836E-3,0.0421800705572754,0.000815290564904633,0,0,4.73050610064474,0.0564505299245138]
[19,"3d","no","Half","Doc",3,3,3,7,"10:04:08",10.2042298142439,77.98381986836,0.0864232704853124,0.0229783333333333,0.00757936679580731,0.0264123982808827,0.000649577566450011,1.40575271867433,0.0291676032722011,6.78787325367668,0.0637985937662026]
[19,"3d","no","Half","Doc",3,3,3,8,"10:20:13",9.2834089642625,82.3272642500457,0.106034146147965,0.595318333333333,0.0430844148980647,0.028344335032094,0.000612000562967231,3.49452434310723,0.0496036401627259,8.89519717367092,0.0679529198250733]
[19,"3d","yes","Half","Doc",3,3,3,9,"10:23:38",10.244153218538,86.1532266590467,0.096076981471953,1.338445,0.0680233906434502,0.0335852655559654,0.000630347524946581,5.28971142513496,0.0583659575462433,10.8011512441447,0.0674244130946095]
[19,"3d","no","Half","Doc",3,3,3,10,"10:37:36",9.71942888797837,90.2803477890603,0.11577450990806,8.181555,0.146782119133738,0.0351997549258496,0.000612605019341838,8.56689978289978,0.0807128386945156,11.5545090281274,0.065120080819142]
[19,"3d","no","Half","Doc",3,3,3,11,"10:42:50",9.620707945001,95.1307807065931,0.106816621900912,12.90802,0.158111023208668,0.0704833922028741,0.000767385332702747,11.4072695782394,0.094440573338915,13.4318062297997,0.0638474812646499]
[19,"3d","no","Half","Doc",3,3,3,12,"10:52:03",11.1148684582457,98.9420535352939,0.121962171148547,22.0551966666667,0.185163196990416,0.0707692713447653,7.34299169189942E-4,14.6110453522291,0.106163792674518,13.9226682895096,0.0614756760411067]
[19,"3d","no","Half","Doc",3,3,3,13,"11:11:28",10.1429154660804,105.253860993361,0.147196057016188,41.4796016666667,0.16904859110134,0.0686428679829297,0.000695040911354706,17.5166318836,0.108682659798329,17.3271599693873,0.0706955231553506]
[19,"3d","no","Half","Doc",3,3,3,14,"11:20:34",10.5873738852794,109.83677787813,0.162141068833133,50.5733366666667,0.176456231421323,0.0694105718906335,0.000673304637695464,20.7653705136882,0.118848118708839,18.5623656167838,0.0708818832493899]
[19,"3d","no","Half","Doc",3,3,3,15,"11:30:57",12.1857871426819,116.122047498617,0.175972595332803,60.9663816666667,0.203096452378032,0.0698729513211039,0.000653702394988398,24.1852751468445,0.120549718231405,21.4005477731296,0.0766675240674454]
[19,"3d","no","Half","Doc",3,3,3,16,"11:48:54",11.0445243975894,121.257550720683,0.191951914477694,78.913795,0.184075406626491,0.0681708871692689,0.000627634921106377,27.4454240219493,0.129184310461908,23.2041075597461,0.080233236137812]
[19,"3d","no","Half","Doc",3,3,3,17,"11:58:55",11.4994869814372,127.974786989204,0.203319941997125,88.9315183333333,0.191658116357286,0.0688491637843735,0.000609336713062787,31.6934836242595,0.132548149851204,25.6632632888803,0.0851445453828266]
[19,"3d","no","Half","Doc",3,3,3,18,"12:09:55",12.8401558650328,133.01136106699,0.214941047021314,99.9210016666667,0.214002597750547,0.0683585743278455,0.000590257885882793,34.9698366455714,0.139999013749627,27.3621503636244,0.087717565806958]
[19,"3d","no","Half","Doc",3,3,3,19,"12:27:00",11.7451361796041,140.165201992726,0.228818341701624,117.011766666667,0.195752269660068,0.0673345145118967,0.000573986570829791,39.9544041645879,0.148710586618258,29.4311798747729,0.0921716290174567]
[19,"3d","no","Half","Doc",3,3,3,20,"12:37:34",12.3331296026973,145.490902173402,0.239989348581012,127.578676666667,0.205552160044956,0.0673698073614183,5.59456258931285E-4,43.2529172029795,0.154764096724623,31.3794491517268,0.0958504215953836]
[36,"4a","no","All","Mid",2,2,4,2,"09:13:50",8.36826359145828,69.2956303720183,0.103602359250989,0,0,0.00991144891970131,1.03194196586941E-3,0,0,0,0]
[36,"4a","no","All","Mid",2,2,4,3,"09:29:48",8.94996453568754,75.6146020814002,0.134892074386401,0,0,3.04322025402461,0.0603362585234727,3.40038293116417,0.068094902577633,2.84517266598299,0.0599568996599623]
[36,"4a","no","All","Mid",2,2,4,4,"09:38:45",10.1091086671317,81.2815861837931,0.142696975124328,0,0,6.05325338108824,0.0805855017658445,5.89352249250263,0.0753807309051256,5.5232255218659,0.0805440280767329]
[36,"4a","no","All","Mid",2,2,4,5,"09:54:15",10.0961541221698,87.953392784311,0.163814382375529,0.002505,0.00240762630445994,5.76363372199639,0.0694533137139884,5.72336905065612,0.0631244871152322,11.8359315394125,0.129790692616761]
[36,"4a","no","All","Mid",2,2,4,6,"10:04:17",10.9705934585615,93.8549736576354,0.174562992576774,0.0484766666666667,0.0126704284597663,5.94081679749478,0.0652204351019275,5.82674549579591,0.0561754652829852,17.1235517074336,0.145608771062377]
[36,"4a","no","All","Mid",2,2,4,7,"10:17:37",11.153805466486,99.97958530693,0.188348892766925,0.627125,0.0508954715631285,6.04634087646192,0.0608915016932912,6.77794870699002,0.0560147452928133,22.0549032916191,0.156231791611423]
[36,"4a","yes","All","Mid",2,2,4,8,"10:28:21",11.9713710711697,105.929694743515,0.199271056421046,3.31357,0.11735413044092,6.2204409466049,0.0575998772956353,7.67245061745824,0.0570263663562577,26.8955492743233,0.165394855317211]
[36,"4a","no","All","Mid",2,2,4,9,"10:41:22",11.9775467403312,111.954314354418,0.210817907648734,11.8212766666667,0.186583716788253,6.02261899795864,0.0531332694274597,7.95850956141946,0.0540235304228827,32.3977105316918,0.180037654940377]
[36,"4a","no","All","Mid",2,2,4,10,"10:52:22",12.6598966264376,117.871187283787,0.220671535929348,22.3891416666667,0.210265845630964,5.98900335580119,0.0500681760045277,8.33016903641926,0.0520915872642374,37.6501364393559,0.190628197995665]
[36,"4a","no","All","Mid",2,2,4,11,"11:04:50",13.012738931034,123.958693146801,0.230832859499429,34.8479433333333,0.2168789821839,6.01425383982187,0.0478293376032995,8.93748136247462,0.051984599608165,42.8395600538114,0.199956780884552]
[36,"4a","no","All","Mid",2,2,4,12,"11:16:20",13.6937871333768,129.947650928125,0.240372254540193,46.3392783333333,0.22822978555628,6.04964283223096,0.0459901666317031,9.51487517602284,0.0521158390321953,47.9975395627191,0.208591722458546]
[36,"4a","no","All","Mid",2,2,4,13,"11:28:36",13.7988119913702,135.943323135201,0.249411443169589,58.6002366666667,0.229980199856171,5.98798814923996,0.0438620136035849,9.87728417326155,0.0511504014190278,53.4198389073046,0.218708862453511]
[36,"4a","no","All","Mid",2,2,4,14,"11:40:15",14.2877235539661,142.039838453826,0.258312958963941,70.2590633333333,0.238128725899435,6.01475685172539,0.042463057195178,10.2635595809568,0.0504766350838525,58.8689175809493,0.22811987563786]
[36,"4a","no","All","Mid",2,2,4,15,"11:52:25",14.547383228973,148.016829872769,0.266745580762138,82.419935,0.24245638714955,6.02018670035277,0.0409481924079504,10.6897365120527,0.0500202012696063,64.2220430612532,0.236447424187567]
[36,"4a","no","All","Mid",2,2,4,16,"12:04:08",15.0348140478673,153.999887672881,0.275012360974394,94.1376883333333,0.250580234131122,6.00160707182104,0.039566201590717,11.1981737984001,0.0502668460610389,69.5072229600645,0.244044868520701]
[36,"4a","no","All","Mid",2,2,4,17,"12:16:08",15.3438508652078,159.964319493385,0.282823911110206,106.146155,0.255730847753463,5.94309957061809,0.0379421035640509,11.6878253601511,0.0501785336040359,74.7722644410505,0.251409077294381]
[36,"4a","no","All","Mid",2,2,4,18,"12:27:53",15.666744933373,165.90314762395,0.290500633378036,117.88611,0.261112415556217,5.92354182898125,0.0369487068597505,12.103796843458,0.0499382091281474,80.0974699127879,0.258669853070181]
[36,"4a","no","All","Mid",2,2,4,19,"12:39:41",15.8163896826656,171.840232959303,0.297881294584849,129.689101666667,0.263606494711094,5.92150776012494,0.0358581727287998,12.5261492238591,0.0500308423322586,85.3951691143346,0.265629622505142]
[36,"4a","no","All","Mid",2,2,4,20,"12:51:32",16.1737904900436,177.837573714792,0.305178363687253,141.548365,0.26956317483406,5.90012158972674,0.0349693268808618,13.0543672146827,0.0502905996994625,90.6501978651821,0.272040519493408]
[37,"4b","no","Half","Mid",2,2,4,2,"09:39:43",9.03800248983294,69.30256757132,0.105246326769452,0,0,0.00928214702614264,9.864346976280029E-4,0,0,0.000663163358452834,0.00025290903634016]
[37,"4b","no","Half","Mid",2,2,4,3,"09:39:53",8.8859575875816,69.7673281456001,0.0856034213506644,0,0,0.578186655944971,0.0185355309714909,0.108880361835851,0.00961182327116224,0.156377364093775,0.0100689800645228]
[37,"4b","no","Half","Mid",2,2,4,4,"09:48:13",9.55265487041946,72.3102472672046,0.0918740599091383,0,0,2.46561478584571,0.0444517288053938,0.720015239672696,0.0271067893398584,1.11766220642386,0.028651361714788]
[37,"4b","no","Half","Mid",2,2,4,5,"09:56:20",10.0049686262889,77.7501191516243,0.105089428720801,0.00520666666666667,3.28885615734672E-3,3.86986757238687,0.0504653384984418,3.50167125591954,0.0499998008659482,3.96675652146965,0.0519143462101265]
[37,"4b","no","Half","Mid",2,2,4,6,"10:07:52",10.6301276149608,81.0161617561806,0.109834641849853,0.102378333333333,0.0203073921102918,4.38133168603962,0.0506252694216964,4.36510108951705,0.0498501022920213,6.07822820279021,0.0631118239001881]
[37,"4b","no","Half","Mid",2,2,4,7,"10:17:51",11.2850777878634,87.2688659111387,0.118459126376053,0.687758333333333,0.0528333456286821,6.05349094787956,0.0610141200142727,6.80372548019362,0.05618017927978,9.85477605460841,0.0759158128138474]
[37,"4b","yes","Half","Mid",2,2,4,8,"10:28:33",12.1762193701326,91.0879182250051,0.127340518320487,3.473375,0.121526329679402,6.24423737656318,0.0577938445096252,7.6961723248498,0.0570277821562893,12.6324775396386,0.0885727244395221]
[37,"4b","no","Half","Mid",2,2,4,9,"10:41:38",12.0843445907713,98.8597922396094,0.145881936431,12.08186,0.188233030850532,6.09905034910565,0.0537417056441199,7.96170291759455,0.05409554750213,19.9861941780072,0.11574055900526]
[37,"4b","no","Half","Mid",2,2,4,10,"10:52:39",12.6318134927284,103.155141861314,0.155005521679293,22.671695,0.209829105329684,6.0874487022329,0.0508826735452559,8.30852184677271,0.0520114044452705,23.7374015412658,0.126985810347954]
[37,"4b","no","Half","Mid",2,2,4,11,"11:05:15",13.113846865084,110.568112725462,0.167253658165029,35.2644216666667,0.218564114418068,6.07342290174456,0.0484667957022011,8.95667171904852,0.0519697916626365,30.4322974841567,0.13953554105649]
[37,"4b","no","Half","Mid",2,2,4,12,"11:16:40",13.6697915557447,115.150834760857,0.177100273065935,46.67006,0.227829859262411,6.10607766223509,0.0463698386510257,9.50570363256079,0.052208443457912,34.3552066747418,0.149182135302012]
[37,"4b","no","Half","Mid",2,2,4,13,"11:28:50",13.8264599772226,122.227650839063,0.188306789941527,58.8476916666667,0.230440999620376,6.0414234938511,0.0443952271133808,9.87415861862329,0.0513507149848522,40.9441434060309,0.161124750180071]
[37,"4b","no","Half","Mid",2,2,4,14,"11:40:23",14.2718330072124,126.984114976983,0.197954701630001,70.39928,0.23786388345354,6.02513686657145,0.0426058232633318,10.2464788202805,0.0506215565312712,45.2368384146692,0.171059064457951]
[37,"4b","no","Half","Mid",2,2,4,15,"11:52:23",14.685174904481,133.92441470474,0.207377026030723,82.388335,0.244752915074683,5.9955083536287,0.0408018522286565,10.6809384441562,0.0501894915296119,51.6659551736295,0.180791697184122]
[37,"4b","no","Half","Mid",2,2,4,16,"12:04:06",15.1476977576235,138.932885116047,0.216636838804059,94.103955,0.252461629293725,6.00023456496901,0.0395656370234015,11.1786270265823,0.0502978780914488,56.0717674220812,0.189805211528032]
[37,"4b","no","Half","Mid",2,2,4,17,"12:16:06",15.1790710313506,145.791806822126,0.226444122110064,106.105776666667,0.252984517189177,5.96641306347005,0.0381656359723107,11.6527082867576,0.0503185956955892,62.3929711775193,0.200150893645876]
[37,"4b","no","Half","Mid",2,2,4,18,"12:27:57",15.5652307336297,150.92528985001,0.235118187310157,117.953278333333,0.259420512227161,5.96193483766836,0.0369989256231382,12.1223308943483,0.05026808852214,66.932439599517,0.208528450455321]
[37,"4b","no","Half","Mid",2,2,4,19,"12:39:40",15.8528770865165,157.634329430266,0.243882404011979,129.679028333333,0.264214618108609,5.93076015548476,0.0358055944782242,12.6656731896996,0.0505934054792168,73.0037459189806,0.217240409435931]
[37,"4b","no","Half","Mid",2,2,4,20,"12:51:28",16.1407336026232,162.790209480006,0.252166775506428,141.479208333333,0.269012226710386,5.94179167291021,0.0349233417339983,13.0739599744837,0.0505695512438944,77.6332394696525,0.225044965768458]
[38,"4c","no","All","Doc",2,2,4,2,"09:13:26",8.36889813949165,68.860959518846,0.103971704424273,0,0,0.00894412106497621,0.00095913968693416,0,0,{"v":2.31073862537073E-5,"d":"2.31E-05"},{"v":4.47465658233908e-05,"d":"4.47E-05"}]
[38,"4c","no","All","Doc",2,2,4,3,"09:17:53",9.01891368160356,70.1931617279821,0.0928936707521681,0,0,0.802617025570754,0.0368116496677487,{"v":9.2304887858262e-05,"d":"9.23E-05"},1.51834084144486E-4,0.441038479638115,0.0241715137722075]
[38,"4c","no","All","Doc",2,2,4,4,"09:21:14",9.4200944050307,71.7097527209372,0.0856578619322323,0,0,1.75612643751205,0.0456973070664237,0.00539734359085794,1.46241383004828E-3,0.953790328436101,0.0352961955440467]
[38,"4c","no","All","Doc",2,2,4,5,"09:33:12",9.25055264287855,77.3972461463257,0.105602591059732,0,0,3.53081715001695,0.0529440550152696,1.91627012218534,0.0415163539703218,4.84646290180205,0.0648888665014267]
[38,"4c","no","All","Doc",2,2,4,6,"09:41:59",10.3627186339526,84.4607273845514,0.10967342260649,0,0,5.93906218243332,0.0653190047966818,3.44043378875979,0.0504022009598055,10.0625928561272,0.0824303569613278]
[38,"4c","no","All","Doc",2,2,4,7,"09:47:00",11.2260752634821,87.8763113260432,0.107040211641719,4.95E-4,0.000841611799245325,5.91804373299169,0.0603072249520212,6.32196288910204,0.0605829755865937,10.2465155083849,0.0763624656152602]
[38,"4c","no","All","Doc",2,2,4,8,"09:54:54",12.8822192757404,93.2872334678267,0.105458125268506,0.0159366666666667,0.00625231234912308,6.05868638071397,0.0567988490225949,10.5936571838234,0.0681178083547401,10.9649457164378,0.074698142778358]
[38,"4c","yes","All","Doc",2,2,4,9,"10:16:35",14.6657027108423,99.8611871426929,0.131834661138721,1.10266833333333,0.0736715230573045,5.94742217081881,0.0530642555395247,12.6645482873952,0.0822185385434905,15.3078405146513,0.110410925756772]
[38,"4c","no","All","Doc",2,2,4,10,"10:34:12",13.2489183019144,105.833589656849,0.156949516272358,6.74070833333333,0.164828498752678,5.8525680537181,0.0502414096395518,14.0231501942936,0.10340579766798,19.6814999306536,0.14382113688852]
[38,"4c","no","All","Doc",2,2,4,11,"10:45:17",12.5186134005469,111.385952232826,0.175037192505651,15.4335983333333,0.203959261486278,5.79210047577978,0.0478478310203861,15.795215170507,0.123920193256758,23.1756276046297,0.164339449473842]
[38,"4c","no","All","Doc",2,2,4,12,"10:53:56",13.0747203386718,116.673903812441,0.188308166013198,23.9497183333333,0.2176538834956,5.79675903707369,0.0456157655570655,17.9214128930729,0.139967354360661,26.0862581876092,0.175951384013922]
[38,"4c","no","All","Doc",2,2,4,13,"11:02:25",13.3666459135088,121.926170358873,0.199118453682989,32.4201866666667,0.222777338663135,5.78392065674034,0.0436358715942426,20.5273000581888,0.154437404310564,28.5359846470481,0.181975401317008]
[38,"4c","no","All","Doc",2,2,4,14,"11:10:34",13.8156802834145,127.278073546822,0.208969716878048,40.5770366666667,0.230261338056909,5.80341587133375,0.041862193799529,23.3562366184663,0.166934244739147,30.7624199988363,0.186703680798468]
[38,"4c","no","All","Doc",2,2,4,15,"11:19:47",14.5042097211555,132.841536989546,0.218970052110557,49.7915466666667,0.241736828685925,5.83934960283162,0.0405981477102803,26.7938643056305,0.178729030553345,32.6641965103715,0.190109637374399]
[38,"4c","no","All","Doc",2,2,4,16,"11:30:23",15.2463023627814,138.527930175794,0.228857810626495,60.39262,0.25410503937969,5.85936141970734,0.039205641042351,30.0971551724818,0.188283472055881,34.8550983606564,0.195064575188808]
[38,"4c","no","All","Doc",2,2,4,17,"11:44:15",15.4235647713693,144.123611923324,0.239221228183915,74.2501366666667,0.257059412856155,5.79483978845247,0.0378012914721414,32.3148951706918,0.195985932713617,38.0801120275539,0.205552986994062]
[38,"4c","no","All","Doc",2,2,4,18,"11:58:27",15.2780987869492,149.844687775096,0.249383449597739,88.465165,0.254634979782487,5.79661052597283,0.036699187490776,34.3302472107628,0.204705166018665,41.6074625106309,0.219366502199528]
[38,"4c","no","All","Doc",2,2,4,19,"12:11:06",15.1293491873588,155.449775521004,0.258415039341159,101.110251666667,0.252155819789314,5.78534622858189,0.035579746032603,35.9575328144887,0.212681461584335,45.4201028674591,0.23401118799271]
[38,"4c","no","All","Doc",2,2,4,20,"12:22:06",15.4797822010859,160.958306278786,0.267389659923616,112.115731666667,0.257996370018099,5.77900877016792,0.0346722478447344,37.6503363783852,0.22033821488518401,49.039870161037,0.246018350229738]
[39,"4d","no","Half","Doc",2,2,4,2,"09:39:18",8.99282749807622,68.8754205424168,0.10486652439498,0,0,6.20486330586437E-3,0.000785273511449301,0,0,3.25951836639783E-4,0.000152925830677569]
[39,"4d","no","Half","Doc",2,2,4,3,"09:40:09",8.87725267806239,69.3953428075282,0.0860390348745959,0,0,0.386762766449082,0.0181277275954459,0,0,0.138786449974369,0.011895272073071]
[39,"4d","no","Half","Doc",2,2,4,4,"09:46:11",9.00763361582884,70.7846528465491,0.0845535677120856,0,0,1.54225688016889,0.038304601288286,0,0,0.793312449495,0.026920252545427]
[39,"4d","no","Half","Doc",2,2,4,5,"09:46:12",9.17834591118172,73.0010588709047,0.0824475394490974,0,0,1.86484184175724,0.0389417593538527,1.7949111283753,0.0405362467953698,1.05490800006292,0.0286676402596968]
[39,"4d","no","Half","Doc",2,2,4,6,"09:53:25",11.0282918511716,74.8334001577887,0.0833687923920716,0.00472333333333333,3.50722086019724E-3,2.99073509106671,0.0462487717500303,1.41421560792975,0.0326896612599044,2.86541310123231,0.0480834347113839]
[39,"4d","no","Half","Doc",2,2,4,7,"09:56:27",10.9633002990779,78.2080169415442,0.0799736980964436,0.01044,0.00488571167149823,3.01372006715512,0.0426696483660202,3.65052828317921,0.047155137142627,3.47163579554722,0.0468585460727376]
[39,"4d","no","Half","Doc",2,2,4,8,"10:06:40",12.4658837952118,82.0424073875752,0.0832359834970633,0.194255,0.0303122535682011,3.52339809425992,0.0435621278727783,4.01551614102515,0.0474041340812543,6.64085667627226,0.0628631129306817]
[39,"4d","yes","Half","Doc",2,2,4,9,"10:18:38",13.3979660115385,88.6358260531886,0.0946624828720786,1.236365,0.0788556194508634,4.4571784685591,0.0451134968827013,7.03172887188622,0.0666199029805443,10.3639334617026,0.0755610304677906]
[39,"4d","no","Half","Doc",2,2,4,10,"10:33:04",12.5972495500967,92.7715269573077,0.107956098084544,5.77852166666667,0.157219858848029,4.43725939693018,0.0428348311581166,9.24228858186235,0.0821354730818604,12.1609109401033,0.0902058126944358]
[39,"4d","no","Half","Doc",2,2,4,11,"10:46:42",12.7913778792437,100.654913995763,0.115495994135832,16.8073083333333,0.209755001060276,5.86424159585576,0.0479105330059183,10.1323627144832,0.0863646373098063,19.1799766359654,0.113917134797503]
[39,"4d","no","Half","Doc",2,2,4,12,"10:56:18",13.0494458655283,104.590490540057,0.127920220535173,26.308615,0.217459217818418,5.85302028798101,0.0456196375362176,11.5775165206759,0.0975328243857151,21.5475618959388,0.124666483483203]
[39,"4d","no","Half","Doc",2,2,4,13,"11:03:16",13.2569624919413,108.869952454715,0.138063619535473,33.2670433333333,0.220949374865688,5.77453907988646,0.0436159806555072,14.8173265738106,0.110705744608242,22.4492706518667,0.128289996141303]
[39,"4d","no","Half","Doc",2,2,4,14,"11:11:33",13.7139750217031,113.054511712556,0.148705616304296,41.5504666666667,0.228566250361718,5.79154880519846,0.0420279351492195,17.1609629706462,0.121421401174037,24.1452391199099,0.132911530419255]
[39,"4d","no","Half","Doc",2,2,4,15,"11:19:35",14.7255107392124,118.668029069786,0.15576866626195,49.5899583333333,0.245425178986874,5.7943275235127,0.0403114015450413,21.308190748683,0.129311928884769,25.5259356332536,0.135559997396832]
[39,"4d","no","Half","Doc",2,2,4,16,"11:30:21",15.4691063956577,123.372661008248,0.16729370121531,60.3512233333333,0.257818439927628,5.83691840081713,0.0390869643798787,23.9490995770856,0.137703368192222,27.458477642543,0.141621471718238]
[39,"4d","no","Half","Doc",2,2,4,17,"11:44:12",15.4576157334884,129.986922305913,0.179526891742957,74.2126716666667,0.257626928891474,5.81900820346576,0.0377844546003074,26.6640635370674,0.147799754696854,31.3439221884227,0.156963981454286]
[39,"4d","no","Half","Doc",2,2,4,18,"11:58:31",15.0805456104307,134.773608719858,0.190938738362924,88.5263233333333,0.251342426840511,5.77682114923372,0.0365168460492302,28.3419586632712,0.157441904807117,34.369703572433,0.171022508012574]
[39,"4d","no","Half","Doc",2,2,4,19,"12:11:24",15.2547222498045,141.271173345557,0.203728957093673,101.416381666667,0.254245370830074,5.83029956069607,0.0358745859364207,30.3981998726378,0.169055978124766,38.6942876368495,0.189403537544976]
[39,"4d","no","Half","Doc",2,2,4,20,"12:22:20",15.6163788694269,146.041529653413,0.213352938168647,112.343131666667,0.260272981157115,5.80747892352018,0.0349143178412156,31.9200238622443,0.177702623398759,41.832613573834,0.201345249051997]
[40,"5a","no","All","Mid",3,2,4,2,"09:13:37",8.41770066622534,69.0602917930555,0.103833902356722,0,0,0.00038618307303435,0.000165283264473476,0,0,0,0]
[40,"5a","no","All","Mid",3,2,4,3,"09:27:16",7.68748842166584,73.4784359137985,0.128414140843639,0,0,0.00345590139532739,0.000460826298392813,4.34955729491958,0.0804423455060176,0,0]
[40,"5a","no","All","Mid",3,2,4,4,"09:34:34",8.17984535353169,78.2853014095625,0.132273010998986,0,0,1.75586716859105,0.0319491764209097,7.30763859747472,0.0834788854556151,1.70192452871273,0.0318657359297797]
[40,"5a","no","All","Mid",3,2,4,5,"09:50:38",8.67617970581301,84.6527491909615,0.156182488695294,0,0,1.54225985030578,0.0268987576224177,7.10796604132353,0.0700239264274589,8.0191288083834,0.114121900471948]
[40,"5a","no","All","Mid",3,2,4,6,"09:59:05",9.09792455213074,90.0989431383609,0.164317207794764,1.74166666666667E-3,1.95136992146095E-3,1.48233940452604,0.0235331728487202,7.50790815782787,0.0623141208465466,12.7895168103695,0.128321053845299]
[40,"5a","no","All","Mid",3,2,4,7,"10:12:31",9.43369372533209,95.9713879666382,0.178634673972297,0.10803,0.0180077484779323,1.516282127506,0.0225313236493314,9.15699049194496,0.0638531307576972,16.7788774096228,0.132045057598101]
[40,"5a","yes","All","Mid",3,2,4,8,"10:22:16",10.0746688888978,101.57267969276,0.188543750004244,0.987678333333333,0.0572567612925189,1.46143679471891,0.0209895919045007,10.7816328804783,0.0666817913750384,20.6013605871232,0.13592598671125]
[40,"5a","no","All","Mid",3,2,4,9,"10:35:32",10.0090352278403,107.479852940552,0.200698344945976,6.71947333333333,0.137894396743995,1.36089218472309,0.0190156935059711,11.1489174007103,0.0626567012934791,25.9069496289724,0.155974000136777]
[40,"5a","no","All","Mid",3,2,4,10,"10:45:36",10.7071623270337,113.178690831071,0.21001762471689,15.687985,0.175472254979883,1.31457685211956,0.0174264207858185,11.8359835727723,0.0603688749521205,30.6305052202275,0.166194733111884]
[40,"5a","no","All","Mid",3,2,4,11,"10:58:06",10.8888288190217,118.993850015964,0.220311237402514,28.1130016666667,0.181474575432867,1.29855233466642,0.0164491387419459,13.0535825744363,0.0613809464983183,35.0073092167471,0.172178277778406]
[40,"5a","no","All","Mid",3,2,4,12,"11:08:49",11.5020050296463,124.723213908585,0.229361797123177,38.8197816666667,0.191700083827439,1.25381744017547,0.0155380890617543,14.3212755031856,0.0633824573829857,39.2965558443687,0.177642503412232]
[40,"5a","no","All","Mid",3,2,4,13,"11:21:06",11.5514953323968,130.54950418422,0.238796951039123,51.1048866666667,0.192524922206613,1.18489584479375,0.014581518598614,14.9468376642772,0.0618832861784214,44.2545254120772,0.189104542673407]
[40,"5a","no","All","Mid",3,2,4,14,"11:32:11",12.2504970528968,136.360806173202,0.247453653312948,62.1871383333333,0.204174950881614,1.15727592563225,0.0137409047626652,15.7616246558567,0.0612286227033336,49.0644468792352,0.19777439314305]
[40,"5a","no","All","Mid",3,2,4,15,"11:44:08",12.2538991855295,142.124701047692,0.255921266706986,74.1366833333333,0.204231653092158,1.13274187148782,0.0130112825481225,16.7854162695588,0.062036822923617,53.6409104753834,0.204248795321274]
[40,"5a","no","All","Mid",3,2,4,16,"11:55:28",12.7831098732821,147.950988560274,0.264120165342318,85.47104,0.213051831221369,1.1199449077815,0.0125890091601094,17.860413094769,0.0634214105128025,58.1924669264517,0.21029878407974]
[40,"5a","no","All","Mid",3,2,4,17,"12:07:20",13.0737865831731,153.694511200406,0.272161363397085,97.3401633333333,0.217896443052886,1.0829213464047,0.0120492415082865,18.5814487060753,0.0629638806901253,63.0623781341457,0.218642545138227]
[40,"5a","no","All","Mid",3,2,4,18,"12:18:42",13.4714086583443,159.482911930897,0.279898612382205,108.710816666667,0.224523477639073,1.06722902600541,0.0115762330557688,19.4482299988584,0.0630862688113763,67.8090181612026,0.22553454279145]
[40,"5a","no","All","Mid",3,2,4,19,"12:30:30",13.6617691037704,165.296918090614,0.287546003810891,120.506016666667,0.227696151729507,1.05351549369065,0.0111970545312951,20.4627177010843,0.0641208067203651,72.4105741789456,0.231109438103603]
[40,"5a","no","All","Mid",3,2,4,20,"12:42:01",14.0311971131033,171.115221123957,0.294901868579454,132.02316,0.233853285218388,1.03456685392968,0.0108392754075003,21.4872541620444,0.0651721322584056,76.9519319474531,0.236504692316143]
[41,"5b","no","Half","Mid",3,2,4,2,"09:39:45",8.9376768667806,69.2158915215112,0.104620547122323,0,0,0.000155425188898732,{"v":9.7132095176444e-05,"d":"9.71E-05"},0,0,{"v":8.22824369074304e-06,"d":"8.23E-06"},{"v":1.35774458999868e-05,"d":"1.36E-05"}]
[41,"5b","no","Half","Mid",3,2,4,3,"09:39:13",8.77747218984134,68.9985391104602,0.0846886158816993,0,0,0.00613524887608026,0.00064936756616901,0.0791533636611594,0.00788595944049859,3.06148031943381E-4,1.31461598697114E-4]
[41,"5b","no","Half","Mid",3,2,4,4,"09:45:07",8.61368585302379,69.8400334861103,0.0757072275564843,0,0,0.361830145296181,0.0113416993357501,0.500367309570958,0.0201833236421068,0.115633635193931,0.00682222489448143]
[41,"5b","no","Half","Mid",3,2,4,5,"09:52:06",8.65651184254716,74.1955821009369,0.0937726932929202,0,0,0.381380303690767,0.0090586901263078,3.92942261423851,0.0544721693801967,0.97557905236082,0.0203990004785786]
[41,"5b","no","Half","Mid",3,2,4,6,"10:02:52",8.48920781550672,77.0126477497284,0.0972405143802995,0.00193666666666667,1.61128232580118E-3,0.568639832275547,0.0112642449657489,5.33606684961112,0.0555592238564977,2.2030791655544,0.0300504467227841]
[41,"5b","no","Half","Mid",3,2,4,7,"10:12:36",9.37600507421043,83.1921521028981,0.104897938474751,0.099955,0.0172273390591183,1.51620107377628,0.0224138098330109,9.12625419734739,0.0637158630382169,4.51305074269484,0.0375852369104263]
[41,"5b","yes","Half","Mid",3,2,4,8,"10:22:23",10.1768587116475,86.7112025345836,0.114159099930863,1.02601666666667,0.0585290870623909,1.46077876365016,0.0206538700619614,10.7984205021944,0.0669092814087632,6.26520990287262,0.0481494983631282]
[41,"5b","no","Half","Mid",3,2,4,9,"10:35:38",9.91276753316727,94.2957733939159,0.136602137372921,6.77559666666667,0.136789941469851,1.35864907278684,0.0188111854779971,11.1714736629965,0.0626110061768817,13.3722225749746,0.0936966385313252]
[41,"5b","no","Half","Mid",3,2,4,10,"10:45:48",10.7047472734234,98.3163329173245,0.14512214473647,15.8721733333333,0.175693023156771,1.31625177147264,0.0173436498327721,11.8654217507704,0.0603176600841348,16.5727274785645,0.103644749205209]
[41,"5b","no","Half","Mid",3,2,4,11,"10:58:05",10.876000140187,105.439566732454,0.157275748241584,28.09796,0.181265673282403,1.28425189931252,0.0162822134701128,13.0849474434712,0.0612787257242943,22.4305957280611,0.113105821826528]
[41,"5b","no","Half","Mid",3,2,4,12,"11:08:52",11.4462929915541,109.799682504729,0.166722783936206,38.869445,0.190771549859234,1.24650168648723,0.0154956869790884,14.3169865144169,0.0632650320111261,25.474389751813,0.118952809765007]
[41,"5b","no","Half","Mid",3,2,4,13,"11:21:10",11.449362175249,116.665957666853,0.176977994605208,51.180865,0.190822702920816,1.19554186114452,0.0146248490243992,14.884074960818,0.0614808779314917,31.7333492872508,0.131562661806312]
[41,"5b","no","Half","Mid",3,2,4,14,"11:32:00",11.9269009946483,121.192381034589,0.18658326836389,62.0033816666667,0.198781683244138,1.17244243054735,0.0138715645908792,15.6174690408812,0.0608184416079158,35.4321552511968,0.140926397775668]
[41,"5b","no","Half","Mid",3,2,4,15,"11:44:01",12.2448057846612,127.941597670496,0.195948026129399,74.0292416666667,0.20408009641102,1.15199520807044,0.0131585688231185,16.6246619560247,0.061912366873508,41.1453753951296,0.147806518786094]
[41,"5b","no","Half","Mid",3,2,4,16,"11:55:16",12.8117436059009,132.731629496971,0.205264186608886,85.27644,0.213529060098348,1.12340282593469,0.0126655362169905,17.6855473335929,0.0632541565220141,44.7813041556826,0.155092075766128]
[41,"5b","no","Half","Mid",3,2,4,17,"12:07:08",13.0045020203746,139.445773516829,0.21561336666709,97.1487766666667,0.216741700339576,1.09686536950437,0.0121841744177189,18.4873707623976,0.0628458234348183,50.6404042208939,0.167319103903006]
[41,"5b","no","Half","Mid",3,2,4,18,"12:18:32",13.3747426734857,144.393720283394,0.224285175930332,108.54484,0.222912377891429,1.07830895636067,0.0116958738127554,19.4041080580455,0.062996079688189,54.5800095863158,0.175121120992778]
[41,"5b","no","Half","Mid",3,2,4,19,"12:30:32",13.6615004929513,151.090535557915,0.233420869335305,120.544636666667,0.227691674882521,1.05468611147814,0.0112760808938486,20.4723288472486,0.0641364777126706,60.0696685043283,0.182996671943684]
[41,"5b","no","Half","Mid",3,2,4,20,"12:41:58",13.9926376908538,156.093437600514,0.241701625881058,131.970651666667,0.233210628180896,1.04259474030081,0.0109421612524233,21.4708069307066,0.0652659534481372,63.9780326492622,0.189368221719981]
[42,"5c","no","All","Doc",3,2,4,2,"09:13:12",8.40510759180015,68.6219568185567,0.103906250701201,0,0,0.000172332316428044,1.04667009622538E-4,0,0,0,0]
[42,"5c","no","All","Doc",3,2,4,3,"09:16:21",8.07865859142416,69.3680964224811,0.0855395871610618,0,0,0.00248320931252066,4.15238067221069E-4,1.09947480597407E-4,0.000144999854239276,0.000104100742626698,{"v":6.07883670009671E-5,"d":"6.08E-05"}]
[42,"5c","no","All","Doc",3,2,4,4,"09:18:34",7.77421492917824,69.9716503710153,0.074074753586341,0,0,0.132250273626791,0.00903309405757017,0.00854802765447849,0.00198535476877773,0.0686550123948463,0.00734776977729757]
[42,"5c","no","All","Doc",3,2,4,5,"09:29:20",7.43415183116873,74.2941292059008,0.0937390820929796,0,0,0.177296020142813,0.00822840617449247,2.58401224502165,0.0510513393654381,1.91377961790324,0.0388495742732839]
[42,"5c","no","All","Doc",3,2,4,6,"09:36:23",7.81309880266281,80.446587251512,0.0954967824469218,0,0,1.46645700010838,0.0233387202173068,4.78355736016611,0.0609746838416555,5.71815054056502,0.0552410481402186]
[42,"5c","no","All","Doc",3,2,4,7,"09:40:50",8.14935400077847,83.6530767596035,0.0909410240408471,0,0,1.39811762076654,0.0217370663629036,8.10808437948202,0.0680653388398385,5.27846373937129,0.0494023461319502]
[42,"5c","no","All","Doc",3,2,4,8,"09:47:29",9.13604478954966,88.5515224297393,0.0871026102198685,0.000393333333333333,7.710124970244E-4,1.32392237887864,0.0200078484651611,12.7111348312397,0.0734168675612377,5.26481469090032,0.0476248101301722]
[42,"5c","no","All","Doc",3,2,4,9,"10:07:09",12.3699113087292,94.7088726189374,0.116437772614023,0.188071666666667,0.0262188554508382,1.32098757260155,0.0187589047625988,13.0269398990367,0.0724432112761089,10.9289884055972,0.0943471412764361]
[42,"5c","yes","All","Doc",3,2,4,10,"10:24:36",12.0035972639893,100.283011688554,0.141011134454143,1.94400666666667,0.085177385417298,1.30741512960283,0.017459089890806,12.6255033690594,0.0760491299835225,16.6514126605869,0.134438585186337]
[42,"5c","no","All","Doc",3,2,4,11,"10:35:28",10.0917662525791,105.188257546773,0.157641981784168,6.63902833333333,0.140870842256038,1.27499013623991,0.016333260402856,12.7750809933492,0.0857132962228262,21.1871283247685,0.157194798588572]
[42,"5c","no","All","Doc",3,2,4,12,"10:44:58",10.2939102557087,110.040387212362,0.171023594722231,15.0459366666667,0.168989215082093,1.23223790329136,0.0154256127629752,14.0189269763875,0.0995632382929706,24.6215103930979,0.169119689899506]
[42,"5c","no","All","Doc",3,2,4,13,"10:53:44",10.3629009582148,115.012178623515,0.182836757248765,23.7477433333333,0.17270226821991,1.16235507354134,0.0144464603210571,16.8534104729982,0.122897717278884,26.5356995313381,0.174455118803722]
[42,"5c","no","All","Doc",3,2,4,14,"11:01:40",10.768337551152,120.061034812361,0.193374324395135,31.670905,0.1794722925192,1.12146302857465,0.0136800604625633,19.5746133796052,0.137799760014358,28.6807893927503,0.180629893401149]
[42,"5c","no","All","Doc",3,2,4,15,"11:10:38",11.2194330696003,125.22943373519,0.203458473649854,40.645545,0.186990551160005,1.08775522505776,0.0128975240978958,22.1129931388899,0.146346089525215,31.118820173518,0.187201453850087]
[42,"5c","no","All","Doc",3,2,4,16,"11:20:36",11.6977049564114,130.523041468969,0.213106932661115,50.6040466666667,0.194961749273524,1.07451493469395,0.0123080214577064,23.8021282248113,0.149191541592345,34.5112449890948,0.195437519068163]
[42,"5c","no","All","Doc",3,2,4,17,"11:33:12",11.9431678478135,135.9803840402,0.223881047663741,63.205085,0.199052797463558,1.06405054081947,0.0119117899755435,24.485899595404,0.149144924165021,39.162668478723,0.205791893684355]
[42,"5c","no","All","Doc",3,2,4,18,"11:46:01",12.0391871323069,141.366211171143,0.233746883990307,76.0188166666667,0.200653118871781,1.05683625021528,0.0116105047746445,25.1875823291749,0.151300761515049,43.6950699151468,0.218555239150444]
[42,"5c","no","All","Doc",3,2,4,19,"11:57:46",11.9157742190798,146.52239255066,0.241968826143834,87.7832683333333,0.198596236984663,1.03785544430886,0.0111645386862677,25.1750627438992,0.150454962297882,48.6899640349311,0.232434132355133]
[42,"5c","no","All","Doc",3,2,4,20,"12:09:00",12.2429139336077,151.681048841521,0.249967387012604,99.0111833333333,0.204048565560128,1.02149208505169,0.010775004152044,25.1771337884502,0.149809839588057,53.6161047310289,0.243936538923769]
[43,"5d","no","Half","Doc",3,2,4,2,"09:39:21",8.89997101740132,68.8088806862545,0.104338825553691,0,0,0.000134085545803623,0.000103132772567914,0,0,0,0]
[43,"5d","no","Half","Doc",3,2,4,3,"09:39:38",8.72667192535873,68.842095624828,0.0847645065782808,0,0,0.0036200730835313,0.000518049197928174,0,0,0.000196784206567438,0.000103537758705303]
[43,"5d","no","Half","Doc",3,2,4,4,"09:44:17",8.45484501190414,69.2534244070133,0.0744236047105899,0,0,0.137231215848585,7.4702488322967E-3,0,0,0.0573780133780226,0.00496829121622452]
[43,"5d","no","Half","Doc",3,2,4,5,"09:44:09",8.3536629869684,71.3987672641987,0.074917106777661,0,0,0.13685393925065,0.00670226848399901,1.92877996479553,0.0425299329117996,0.0788312323818358,0.00570091175609778]
[43,"5d","no","Half","Doc",3,2,4,6,"09:48:44",8.064007000949,72.0562345358286,0.0703606163533791,0,0,0.281830605454883,0.0103104716146833,1.65305586857448,0.0359197586235851,0.909011632942935,0.0223776300171617]
[43,"5d","no","Half","Doc",3,2,4,7,"09:51:32",8.20049966165597,75.3518731994037,0.0714844411371819,0,0,0.274786128458914,0.00917285671467276,4.05000512523831,0.0497512587349006,1.44784384457384,0.0232589351795471]
[43,"5d","no","Half","Doc",3,2,4,8,"10:00:10",9.2479611944293,78.2915080014489,0.0703618191358143,0.014175,0.00657815309369305,0.348968932650559,0.0100866763644157,4.30170582501269,0.0478037561637792,3.90853950013581,0.0396135099280496]
[43,"5d","no","Half","Doc",3,2,4,9,"10:10:17",10.2820848909883,84.5199496692979,0.0839249131487849,0.164736666666667,0.0254706995990731,0.431295661950504,0.00994158421589039,8.36889277134174,0.0690908744437956,6.15965924706235,0.0513641862601628]
[43,"5d","yes","Half","Doc",3,2,4,10,"10:26:10",10.231957591378,88.2722214524868,0.0962234876055375,1.98861666666667,0.0857174357366066,0.460090197097085,9.91264058517651E-3,9.39972087485727,0.0735859774673702,8.79609430671153,0.0759593320706548]
[43,"5d","no","Half","Doc",3,2,4,11,"10:35:49",9.79538352088161,95.4742157777374,0.0960142129983432,6.841495,0.13827381203571,1.28575866702673,0.016332557913088,10.9112051249932,0.0748412520678342,14.3636527262181,0.0925178289560527]
[43,"5d","no","Half","Doc",3,2,4,12,"10:46:20",10.39493611865,98.827920865396,0.108446510633589,16.376885,0.171606328618183,1.23605182345253,0.0154581204708519,11.0301389835691,0.0750640331480863,17.5156681538846,0.107821499163877]
[43,"5d","no","Half","Doc",3,2,4,13,"10:55:10",10.2008390806813,102.229056648102,0.122331289437771,25.182515,0.170003575931879,1.17212710933304,0.0145264259315503,13.2111180199412,0.0900947183769185,18.7104376821541,0.116406324941952]
[43,"5d","no","Half","Doc",3,2,4,14,"11:03:33",10.3767582657408,106.189431530194,0.134203000560054,33.5600266666667,0.17294597109568,1.13140368619845,0.0137488920221487,15.1948846192764,0.100007058736063,20.6064265495556,0.125023500184789]
[43,"5d","no","Half","Doc",3,2,4,15,"11:10:33",11.100211951584,111.167390417571,0.141439668386995,40.5639066666667,0.185003532526401,1.09451930731135,0.0129570359191991,18.5407318191615,0.105492286588734,22.1562690331703,0.130125698212587]
[43,"5d","no","Half","Doc",3,2,4,16,"11:20:29",11.68874364723,115.394388036386,0.152442049909369,50.48876,0.194812394120501,1.08851189846642,0.0125027709947162,19.9606941587573,0.107756254538182,24.8776066115037,0.139010628737031]
[43,"5d","no","Half","Doc",3,2,4,17,"11:32:57",11.8061561895154,121.739360387206,0.163349360966223,62.960185,0.196769269825257,1.07806787432823,0.0120700060255562,21.0258664195755,0.110206039500461,30.1273326836078,0.151982047157783]
[43,"5d","no","Half","Doc",3,2,4,18,"11:45:43",11.7156286784838,126.254622113876,0.174842745344636,75.7292316666667,0.195260477974729,1.05899431287984,0.0115388365244756,21.5544255132718,0.112982152964297,34.034438463254,0.165652350793498]
[43,"5d","no","Half","Doc",3,2,4,19,"11:57:43",11.6926430444476,132.24494290311,0.186064917773744,87.7292183333333,0.194877384074126,1.03875919541593,0.0111953607477541,21.6950254542071,0.114737638043948,39.7682555364165,0.183839780627489]
[43,"5d","no","Half","Doc",3,2,4,20,"12:08:59",11.9596783025815,136.647780121829,0.195391834034268,98.986915,0.199327971709692,1.02446995771441,0.010855283374074,21.793111625937,0.115262001412496,43.9796613173139,0.195521832224709]
[48,"6a","no","All","Mid",2,3,4,2,"09:13:37",8.4070405275071,69.0648911846337,0.103753317921693,0,0,0.0102945936406875,0.00103098174744172,0,0,0,0]
[48,"6a","no","All","Mid",2,3,4,3,"09:20:49",10.2519642068592,72.2689758120038,0.102773845462371,0,0,3.06469211375551,0.0604425815238404,0,0,2.85207083133211,0.0600505719623036]
[48,"6a","no","All","Mid",2,3,4,4,"09:32:27",11.1800460704062,76.9272472271042,0.120069691290392,0,0,6.10363368052166,0.081529221143638,1.54257559187078,0.0381984230162821,5.57372596000976,0.081499442949597]
[48,"6a","no","All","Mid",2,3,4,5,"09:48:32",10.976641697598,83.3353808061871,0.148187043344186,0.00520333333333333,0.00440528933073245,5.77028601724813,0.0695899868891679,1.17910714457913,0.0294312144068461,11.8464580162149,0.13001167042853]
[48,"6a","no","All","Mid",2,3,4,6,"09:57:18",11.4948251483566,88.9239996590626,0.158585444570021,0.0327883333333333,0.012188004911755,5.94112520035612,0.065190489053413,0.959664482506457,0.0239524351884947,17.1202353069611,0.145491659283981]
[48,"6a","no","All","Mid",2,3,4,7,"10:06:37",13.1430859702751,94.1672832958717,0.168185403488707,0.287311666666667,0.0366768641606026,6.10222743670342,0.061735027706614,0.921618795762432,0.0215340040388215,22.1628479832376,0.156717240844969]
[48,"6a","yes","All","Mid",2,3,4,8,"10:17:27",14.208126166383,99.4870737272584,0.178447797694295,1.343495,0.0834814163674191,6.26272527810972,0.0580935888908714,1.18293514581377,0.022544718841779,26.9950289615719,0.165923177564255]
[48,"6a","no","All","Mid",2,3,4,9,"10:30:48",13.8582372969259,105.19575361909,0.191555098924027,5.05433333333333,0.157264642446975,6.08478306355193,0.0538638682641711,1.09935480348291,0.0204842995501501,32.4797852139821,0.180691017384421]
[48,"6a","no","All","Mid",2,3,4,10,"10:41:03",14.3718482596781,110.762783481735,0.201373066020685,11.8876316666667,0.218369938212061,6.06339349709614,0.0508388923873952,1.02840916574926,0.0186144622277621,37.736689752879,0.191242134661471]
[48,"6a","no","All","Mid",2,3,4,11,"10:50:53",15.5066379088893,116.132559454575,0.209899769014007,20.9596116666667,0.256318340887619,6.03476336489922,0.048103985080244,1.01230979817853,0.0175707886980357,42.9110382691963,0.200159196098531]
[48,"6a","no","All","Mid",2,3,4,12,"11:01:47",16.5028470878738,121.579569782129,0.218778209620888,31.7885816666667,0.275012370039077,6.06672773862277,0.0460273894645284,1.0825253621372,0.0173181992466895,48.0702888570706,0.20870337725832]
[48,"6a","no","All","Mid",2,3,4,13,"11:13:54",16.4650822154365,127.22780694112,0.228242273207857,43.9048233333333,0.274418036923941,5.98780233688353,0.04398475636435,1.05436745638873,0.0164300474768164,53.4512070321604,0.218769693506187]
[48,"6a","no","All","Mid",2,3,4,14,"11:24:49",16.7839742273927,132.782871555247,0.236878555302634,54.8181333333333,0.279732903789878,5.97090452902202,0.0421193128977813,1.0261564241948,0.015624957397837,58.8415952825299,0.227918142208365]
[48,"6a","no","All","Mid",2,3,4,15,"11:35:34",17.8388257268216,138.271340598521,0.244956336940742,65.5701816666667,0.297313762113693,5.97910612678918,0.0405615250197359,1.00816844906617,0.0149388532144922,64.1700019962819,0.236122998564305]
[48,"6a","no","All","Mid",2,3,4,16,"11:46:35",18.58291749216,143.852979315928,0.252880399977352,76.5958966666667,0.309715291536,5.99723949839891,0.0393095796121497,1.03510462128019,0.0146286574894553,69.480472943106,0.243880389564812]
[48,"6a","no","All","Mid",2,3,4,17,"11:57:54",18.9038131357542,149.380484168183,0.260690438162892,87.914465,0.315063552262571,5.96167820643294,0.0380450095967696,1.02725206006778,0.0141365199400747,74.8387830440756,0.251638782221373]
[48,"6a","no","All","Mid",2,3,4,18,"12:08:55",19.2581312493578,154.912308719039,0.268190741427732,98.9250033333333,0.320968854155963,5.96416812122275,0.0369524942064562,1.02751954092556,0.0137114576846329,80.1621487813973,0.259014567792454]
[48,"6a","no","All","Mid",2,3,4,19,"12:19:40",19.8469409613895,160.372668036756,0.275041001692585,109.668786666667,0.330782349356492,5.93000985450208,0.035881291240854,1.01786228412428,0.0132715123400002,85.4289845200817,0.265568622472052]
[48,"6a","no","All","Mid",2,3,4,20,"12:30:44",20.445340367578,165.980906620731,0.282168193295606,120.747075,0.340755672792967,5.93826094745569,0.0350082332071737,1.03763931902957,0.0131093287902829,90.7243824806179,0.272318864838883]
[49,"6b","no","Half","Mid",2,3,4,2,"09:39:45",8.93472381579561,69.2225243863265,0.104593741675886,0,0,0.00865745630590253,0.000929577988435803,0,0,0.000482800053707743,1.94722744171833E-4]
[49,"6b","no","Half","Mid",2,3,4,3,"09:39:28",8.9890149428832,69.4849126130968,0.0859167827584055,0,0,0.573406279485201,0.0183641648204632,0,0,0.158392762470511,0.0103289559405224]
[49,"6b","no","Half","Mid",2,3,4,4,"09:46:43",9.5708352923641,71.5367713393059,0.0876650485344706,0,0,2.47440887651485,0.0442507236243902,0.0900041762212824,0.00958617621000638,1.12643743190341,0.0289938567553007]
[49,"6b","no","Half","Mid",2,3,4,5,"09:51:24",10.3547241921203,74.3632782556598,0.086908686055051,2.415E-3,0.00217982635722071,3.87186307012066,0.0505759602401495,0.112111120616868,0.00861870165293718,3.95549012288593,0.0518762970017039]
[49,"6b","no","Half","Mid",2,3,4,6,"10:00:05",11.808036133225,76.855038460815,0.0911055304488401,0.07306,0.0170099260431525,4.353520527923,0.0505067132106662,0.21525314188070999,0.0111356451011488,6.06393101759028,0.0630521871451407]
[49,"6b","no","Half","Mid",2,3,4,7,"10:06:38",12.9462524242335,81.3590110374022,0.0995875450751924,0.257863333333333,0.0353489943867093,6.04243456824104,0.0607986403868001,0.921991446243608,0.0215719640495656,9.83237106891574,0.0756385310626283]
[49,"6b","yes","Half","Mid",2,3,4,8,"10:17:25",14.0912465989397,84.5740292842147,0.108009002086203,1.30281833333333,0.0845681429843538,6.20995822685853,0.0571835037050297,1.17342475576726,0.0224395533163699,12.6084324420609,0.088336905090916]
[49,"6b","no","Half","Mid",2,3,4,9,"10:30:50",14.0657199631643,91.9563211586809,0.128328581574613,5.14493833333333,0.159500315292851,6.06762621453731,0.0534547307687274,1.08401495341266,0.0201792507746111,19.9445240600645,0.115598647513737]
[49,"6b","no","Half","Mid",2,3,4,10,"10:41:11",14.5502387121791,95.865671062757,0.137556326893189,12.03557,0.221043331957118,6.07244760622411,0.0507868791423847,1.01356327981991,0.0184841463675167,23.7183570942795,0.127189166723516]
[49,"6b","no","Half","Mid",2,3,4,11,"10:50:54",15.6130803959784,102.623330943025,0.147747115092535,20.9644583333333,0.258089051690049,6.05429347082328,0.0482706416089293,1.01143051107522,0.0176512737316145,30.3896639881005,0.13953342595595]
[49,"6b","no","Half","Mid",2,3,4,12,"11:01:55",16.6599960388354,106.745941297817,0.157067393602661,31.93317,0.277623057721245,6.09903917280703,0.0461989925759055,1.07767541089931,0.0173793408170091,34.3055339123664,0.149103096088153]
[49,"6b","no","Half","Mid",2,3,4,13,"11:14:06",16.5204993663078,113.428381264669,0.167678893707993,44.1016166666667,0.27534165610513,6.0344485904852,0.0440312004353726,1.04338871554285,0.0163220505866225,40.9514927696973,0.161034923788069]
[49,"6b","no","Half","Mid",2,3,4,14,"11:24:43",16.7659476711126,117.746740176276,0.176929701916406,54.723575,0.27943246118521,5.9934733893135,0.0421112402661903,1.00670846704099,0.0153885189707587,45.2017994876337,0.170681406804114]
[49,"6b","no","Half","Mid",2,3,4,15,"11:35:33",17.9053763301986,124.288205727682,0.18644576109683,65.5658766666667,0.298422938836644,6.0168492377157,0.0408269511777729,1.00492800945244,0.0149060829920839,51.6800952840561,0.180793489630475]
[49,"6b","no","Half","Mid",2,3,4,16,"11:46:33",18.5430935440401,128.802375539611,0.195243630138473,76.5638116666667,0.309051559067335,6.01105173353981,0.0395021398789877,1.01610002144069,0.0145198258173774,56.0840872293518,0.189803889146823]
[49,"6b","no","Half","Mid",2,3,4,17,"11:57:47",18.639206642209,135.161695005053,0.204532380335744,87.7917,0.310653444036817,5.92006414080517,0.0380031651041063,1.03089468100506,0.0141572069438298,62.2829533706529,0.199810286759163]
[49,"6b","no","Half","Mid",2,3,4,18,"12:08:45",19.1108064989298,139.80700116638,0.212854421972025,98.7604383333333,0.318513441648831,5.91423716956772,0.0368289731345124,1.01655189250228,0.0136055455738342,66.8299572418505,0.208247707632366]
[49,"6b","no","Half","Mid",2,3,4,19,"12:19:34",19.9971442144902,146.113856602829,0.221440930725327,109.581986666667,0.33328573690817,5.92743600431988,0.035922637927024,1.03222210073571,0.0133629925613834,73.0168586608242,0.217550998388665]
[49,"6b","no","Half","Mid",2,3,4,20,"12:30:39",20.6825315147746,150.838454104642,0.229443137764011,120.662228333333,0.344708858579577,5.93831410098097,0.0349869451094466,1.03327272920921,0.0130159207478685,77.6255477502787,0.225219573980403]
[50,"6c","no","All","Doc",2,3,4,2,"09:13:12",8.4005235266508,68.6299602005932,0.103883677753322,0,0,0.00840189779627579,0.000915247884431613,0,0,{"v":8.13790271502583E-5,"d":"8.14E-05"},{"v":6.95439633436589e-05,"d":"6.95E-05"}]
[50,"6c","no","All","Doc",2,3,4,3,"09:19:24",9.91140375624787,70.7891955363314,0.101242928521466,0,0,1.44800949026767,0.0469984355233045,0,0,1.25242660800765,0.0455418839301344]
[50,"6c","no","All","Doc",2,3,4,4,"09:23:12",10.829451187463,72.4437425176294,0.0955308532455116,0,0,2.66546814364791,0.0572941279549755,0,0,1.84623774389051,0.0483612277759788]
[50,"6c","no","All","Doc",2,3,4,5,"09:28:03",10.2733468089378,74.317166459106,0.0930482904462082,0,0,2.32271021503015,0.0448768970450605,0.000126007974304081,0.000219425516839939,3.39048098256579,0.0598670329812347]
[50,"6c","no","All","Doc",2,3,4,6,"09:35:31",11.1926732385152,78.784968034246,0.0992762991357879,1.78333333333333E-4,3.49569225345809E-4,4.04108811875151,0.0523811711901322,0.000416222488783179,0.000290615222873235,7.69568910980441,0.0767982410803066]
[50,"6c","no","All","Doc",2,3,4,7,"09:44:24",12.4204679490898,85.1419017159966,0.105490516208272,0.005065,0.00426939833512303,6.08719485209876,0.0612139634347116,0.656116269858181,0.0187745845070417,13.1790148860688,0.0910715198579469]
[50,"6c","no","All","Doc",2,3,4,8,"09:52:24",14.7575323997107,88.6226133101772,0.113880059778528,0.04196,0.0127675671930572,6.28015685064967,0.0579347843638607,2.78473556310533,0.0414815242595554,14.2089202301544,0.0880212784761582]
[50,"6c","no","All","Doc",2,3,4,9,"10:06:52",13.4921649323754,93.3583558980052,0.128111423970755,0.264748333333333,0.037425808766081,6.09025431341532,0.053784892002288,5.01634001910024,0.050991720922035,16.3984417682726,0.090379950713588]
[50,"6c","no","All","Doc",2,3,4,10,"10:17:14",13.6944830562136,99.0627433667523,0.136230736818408,1.12426833333333,0.0802860755726338,6.06635058870023,0.0507105322490669,8.04256855119629,0.058280381623517,18.6556375703699,0.0941360779165859]
[50,"6c","yes","All","Doc",2,3,4,11,"10:28:38",14.4765211455334,104.535242140365,0.147611503699495,4.238655,0.157363176543109,6.00621081461036,0.0483505600469528,12.5847212572722,0.0904836301373397,19.317885085716,0.0933144377023114]
[50,"6c","no","All","Doc",2,3,4,12,"10:39:15",15.1452810987896,109.383835019422,0.159923045605652,10.5187166666667,0.224341404122036,5.93516348309203,0.0457266619011295,17.1967520112016,0.118209668991356,19.2954067591076,0.0917798736018949]
[50,"6c","no","All","Doc",2,3,4,13,"10:51:05",15.2284989345033,114.38095912458,0.173580244557459,21.1307366666667,0.252642492887622,5.89444688160095,0.0435614764992917,21.1995133433445,0.137365121138013,20.025665429953,0.0940644310914614]
[50,"6c","no","All","Doc",2,3,4,14,"11:01:24",15.9072022983248,119.389343131916,0.186492873736518,31.411325,0.265118512614783,5.91294195963231,0.0419658017667919,24.8076064944658,0.150943918408027,21.1990769595591,0.0974205902357951]
[50,"6c","no","All","Doc",2,3,4,15,"11:11:40",17.1800083522961,124.473327753166,0.198349827665881,41.668315,0.286333472538268,5.95003632288756,0.0405362773417741,28.0632688249202,0.16100870153119,22.7987733836355,0.101469592433391]
[50,"6c","no","All","Doc",2,3,4,16,"11:21:56",18.1440264243709,129.440985840423,0.208421534882555,51.94835,0.302400440406182,5.92696567413812,0.0391873006976348,32.1031268786772,0.172130889576461,23.5396621606692,0.100350066057939]
[50,"6c","no","All","Doc",2,3,4,17,"11:33:30",18.3454495601967,134.542443067351,0.218679407083607,63.5036983333333,0.305757492669946,5.92365651987205,0.037938196765452,36.2532732582301,0.181681175693034,24.3430388167624,0.0983230914126235]
[50,"6c","no","All","Doc",2,3,4,18,"11:44:29",18.5264871786268,139.601558427024,0.228129441158804,74.488035,0.308774786310446,5.91349216363296,0.0368225294940227,40.3771313083616,0.189570856940578,25.1447895692202,0.0963186004418524]
[50,"6c","no","All","Doc",2,3,4,19,"11:55:10",19.3760266812817,144.708573166108,0.237236398501607,85.1693233333333,0.322933778021361,5.90794220112672,0.0357210538685371,44.5396827040998,0.196691263690946,25.9056615357134,0.0940660470810974]
[50,"6c","no","All","Doc",2,3,4,20,"12:06:11",20.0734160851918,149.898057433644,0.246070705886794,96.1980583333333,0.334556934753197,5.90649718071701,0.034786487166013,48.6803957555266,0.202951259040313,26.7518205346321,0.0924109906834209]
[51,"6d","no","Half","Doc",2,3,4,2,"09:39:20",8.90083589350719,68.8132647603086,0.104318710950219,0,0,6.57877770762359E-3,0.000816660869793134,0,0,0.000364383565394093,0.000177759952303385]
[51,"6d","no","Half","Doc",2,3,4,3,"09:40:02",8.85852042357619,69.2186971027883,0.0856120658005456,0,0,0.389043508460463,0.0184339593741075,0,0,0.132113315540224,0.0116141938915856]
[51,"6d","no","Half","Doc",2,3,4,4,"09:46:22",9.01837098628627,70.6518015959354,0.0833596534788819,0,0,1.53510375345312,0.0381299530426679,0,0,0.756219561231239,0.02545466678418]
[51,"6d","no","Half","Doc",2,3,4,5,"09:49:23",9.64586897842647,72.7207133591378,0.0845409029837491,0.00218,0.00214685568125502,2.62668658356028,0.0445359342272306,0,0,2.38096305317196,0.044880167180349]
[51,"6d","no","Half","Doc",2,3,4,6,"09:56:57",11.1675707618807,75.0910127755416,0.089642005206926,0.02797,0.00959791149054566,3.44592051965137,0.0473480988132494,0,0,4.41911685044981,0.0579151186683996]
[51,"6d","no","Half","Doc",2,3,4,7,"09:58:13",11.9061920844678,76.8362458593503,0.0854797413399696,0.0488133333333333,0.0131707562328276,3.73133757360963,0.047735389084039,0.986554373370652,0.0245562600827247,4.75342890585062,0.0569521516195194]
[51,"6d","no","Half","Doc",2,3,4,8,"10:07:32",13.5217835467546,80.4968529594919,0.0900992801392934,0.343243333333333,0.0408180632423025,4.05328123999164,0.0471235376728722,1.3194200548021,0.0271948196814477,7.84308546773601,0.0677691987762966]
[51,"6d","no","Half","Doc",2,3,4,9,"10:11:49",13.7281664581387,83.3079211974764,0.0862286064193056,0.589528333333333,0.0544315896750428,3.7901489776811,0.0427242962687386,2.69559085029507,0.0363678860075281,9.12701523498095,0.0710721495118677]
[51,"6d","yes","Half","Doc",2,3,4,10,"10:21:54",14.3866993643606,86.5525710870638,0.0962996134223786,2.17605833333333,0.110736441426815,3.95217850152404,0.0413604405448353,4.91500691076608,0.0544692022813015,9.99329626106791,0.0705241374751189]
[51,"6d","no","Half","Doc",2,3,4,11,"10:31:35",13.5043669011261,91.7020473062311,0.0997229094929524,5.22067333333333,0.163002366165303,4.67989151611869,0.041808431894285,7.65278359867839,0.0761195760964,12.3805546561681,0.0739777156703823]
[51,"6d","no","Half","Doc",2,3,4,12,"10:41:35",14.6939718748824,95.1027256765239,0.111649981173281,12.2992383333333,0.227078224032363,4.75250301796122,0.040200241038211,10.5591891459127,0.0908581311268993,12.714306689339,0.0729815352419679]
[51,"6d","no","Half","Doc",2,3,4,13,"10:52:28",14.879372635284,102.368100942727,0.114731368534605,22.4939133333333,0.247252616405437,5.88656570468433,0.0437055759659395,12.6810386813766,0.100387962700843,17.8108467891291,0.0848225302493844]
[51,"6d","no","Half","Doc",2,3,4,14,"11:02:23",15.5414686450568,106.251643687208,0.128397593829168,32.3872183333333,0.259024477417613,5.91929565680705,0.0421230206490806,14.9860357667031,0.110285741585231,19.263834874839,0.0877047815820496]
[51,"6d","no","Half","Doc",2,3,4,15,"11:11:36",16.9699270284465,111.108883140688,0.140353668267175,41.6092266666667,0.282832117140775,5.94873279656995,0.0407691528515354,17.9798473358809,0.115248282530475,21.0875773706234,0.0877263354131905]
[51,"6d","no","Half","Doc",2,3,4,16,"11:22:02",18.300551896387,115.054155001161,0.151742058757313,52.0368,0.305009198273117,5.96064015624389,0.0394650603036892,21.0390250302567,0.125213185617914,21.8570511088923,0.0862723451762707]
[51,"6d","no","Half","Doc",2,3,4,17,"11:33:26",18.3608965458077,120.387458487988,0.16239779761444,63.4495266666667,0.306014942430128,5.90816288875162,0.0378797354280572,25.0959624831403,0.130451310760879,23.0874261037215,0.0844356207556829]
[51,"6d","no","Half","Doc",2,3,4,18,"11:44:21",18.748470866696,124.639004480161,0.173392070587079,74.3665766666667,0.312474514444933,5.92060562586324,0.0368509626810874,28.4292332677499,0.13922047186799,23.8915567130322,0.0830733951749259]
[51,"6d","no","Half","Doc",2,3,4,19,"11:55:12",19.3456398465536,130.472117046016,0.182538549775529,85.2122483333333,0.322427330775893,5.90863813609985,0.0358854997683601,33.0770905821871,0.144477687980449,24.9803281579649,0.0823572739127767]
[51,"6d","no","Half","Doc",2,3,4,20,"12:06:13",20.0941126831639,134.864729864264,0.192550682477359,96.2192583333333,0.334901878052732,5.90897219796613,0.0349093616351821,36.5538545071531,0.152174755120056,25.7948830864901,0.0815577361941795]
[52,"7a","no","All","Mid",3,3,4,2,"09:13:43",8.32829195342859,69.1413343057147,0.103571855822158,0,0,1.72603846566905E-4,1.16874511530492E-4,0,0,0,0]
[52,"7a","no","All","Mid",3,3,4,3,"09:16:06",8.07478191545244,69.1635735050051,0.0849185497929385,0,0,3.90620505655521E-3,0.000505140464632903,0,0,0,0]
[52,"7a","no","All","Mid",3,3,4,4,"09:27:37",7.60141474311653,73.1112695388523,0.101936790415113,0,0,1.76301821045085,0.0322757530351307,2.12585440205856,0.0454790344247558,1.70798680271754,0.0321644067189408]
[52,"7a","no","All","Mid",3,3,4,5,"09:44:10",9.25409286448198,79.3029006044793,0.137323962819153,0,0,1.5524252484727,0.0271687614518344,1.69254357509817,0.0367354472139164,8.03852539289407,0.114312438505083]
[52,"7a","no","All","Mid",3,3,4,6,"09:50:36",9.02843571334387,84.0513506890199,0.144251484239214,0,0,1.48829688479953,0.0237039488053276,1.3978204934994,0.0301719777840612,12.8118714725247,0.128396327797216]
[52,"7a","no","All","Mid",3,3,4,7,"09:57:05",8.73550935903182,88.2656574872843,0.147318302728425,1.98333333333333E-4,0.000279138784189773,1.51480522193886,0.0225225043726145,1.40034055235021,0.0267402248607952,16.8040596666654,0.132239516934415]
[52,"7a","no","All","Mid",3,3,4,8,"10:06:47",8.78852844015811,92.8378195010151,0.154590489633519,0.0223016666666667,0.00761007344597992,1.45225323356188,0.020929861938414,1.94312477986102,0.028746700408397,20.601935150128,0.135927890640336]
[52,"7a","no","All","Mid",3,3,4,9,"10:21:28",9.860652016884,98.2009457713521,0.169974113869129,0.885716666666667,0.0556972159834033,1.34638381863608,0.0189048393978513,1.72986667642237,0.0256090414031371,25.8777330143067,0.155923162181452]
[52,"7a","yes","All","Mid",3,3,4,10,"10:29:03",9.65064833608101,103.05275664392,0.178250564785178,2.83197166666667,0.0981471843040367,1.3016736791163,0.0173106719487718,1.5912489268432,0.0231457846758295,30.6163622970853,0.166110435165322]
[52,"7a","no","All","Mid",3,3,4,11,"10:36:22",9.64690511513676,107.644055846065,0.184087917134569,7.22274833333333,0.139381014531253,1.28361203149802,0.0163794719367304,1.58860504193934,0.0217235649542845,35.0021788002687,0.172141401247302]
[52,"7a","no","All","Mid",3,3,4,12,"10:46:03",9.86645024986455,112.350777747381,0.19088237117177,16.07278,0.163501615785551,1.24235938627803,0.015680789790513,1.79021644787589,0.0218766001852033,39.2837850053211,0.177637300894096]
[52,"7a","no","All","Mid",3,3,4,13,"10:59:03",10.5050484462094,117.427992618485,0.200742378061934,29.0627083333333,0.175084140770156,1.18108721909515,0.0146584234556832,1.69394094641956,0.0203951756742974,44.2711489055231,0.189170810005811]
[52,"7a","no","All","Mid",3,3,4,14,"11:07:32",10.3370090282386,122.319331434701,0.208157049693318,37.5413533333333,0.172283483803977,1.14782938948906,0.013809602663081,1.60620039441162,0.0190863220644546,49.0586036055589,0.197788472375221]
[52,"7a","no","All","Mid",3,3,4,15,"11:15:47",10.4206452144783,127.114610988741,0.214357910521371,45.7999016666667,0.173677420241305,1.14072576186779,0.0131351836900324,1.6009162384559,0.0183468571464294,53.6560726054956,0.204272554906128]
[52,"7a","no","All","Mid",3,3,4,16,"11:25:43",10.8786776081696,131.890185685486,0.220929384413048,55.726685,0.181311293469493,1.11388808727119,0.0126839225809487,1.6818384629212,0.0181410792868456,58.2088064185308,0.210344840631362]
[52,"7a","no","All","Mid",3,3,4,17,"11:37:30",11.0489772286134,136.850196580287,0.228552936937168,67.5135383333333,0.184149620476891,1.08166741545246,0.0121012822074886,1.62376275369165,0.0172238644980729,63.0788740356666,0.21871575429679]
[52,"7a","no","All","Mid",3,3,4,18,"11:46:29",11.175839027453,141.749050782025,0.235144398421111,76.49093,0.186263983790884,1.06784385800164,0.01160282159977,1.59179288873278,0.01651036145463,67.8124275726113,0.225547340401064]
[52,"7a","no","All","Mid",3,3,4,19,"11:54:56",11.1709126511901,146.511927136387,0.240811462723773,84.9437533333333,0.186181877519834,1.04281269948567,0.0112009528358038,1.57750527185424,0.0158781023570306,72.3511676442976,0.230962540080857]
[52,"7a","no","All","Mid",3,3,4,20,"12:04:52",11.4932262310888,151.376485932005,0.246959303554921,94.87657,0.191553770518146,1.03527741963566,0.0108226935442605,1.63144400507406,0.0157635982057398,76.9452333234328,0.236459360266617]
[53,"7b","no","Half","Mid",3,3,4,2,"09:39:44",8.90939201956854,69.0845804283148,0.104619718626351,0,0,3.84920400995158E-4,1.94627492052315E-4,0,0,{"v":1.61007182790669e-05,"d":"1.61E-05"},{"v":2.87692396287308E-5,"d":"2.88E-05"}]
[53,"7b","no","Half","Mid",3,3,4,3,"09:39:08",8.94585725733014,69.01594286889,0.0854163550718217,0,0,0.00600802288235155,0.000636535919822807,0,0,0.000374334933520413,0.000142407694439527]
[53,"7b","no","Half","Mid",3,3,4,4,"09:43:52",8.56750304337216,69.4247050140199,0.0745365964160871,0,0,0.363044382274662,0.0113182508903823,0.0292970261908895,0.00395071453664135,0.115462779332184,0.00683337794374381]
[53,"7b","no","Half","Mid",3,3,4,5,"09:46:47",8.64155585870926,70.3091331132079,0.0690679906601872,0,0,0.381158747198883,0.00902668085379969,0.0324836711785043,0.00358086130232084,0.967891520462649,0.0203736151998375]
[53,"7b","no","Half","Mid",3,3,4,6,"09:52:25",8.60856599624429,71.8301713748357,0.0685356829438117,0.000845,0.00165637006776005,0.56459541630595,0.0107220677113039,0.10851085983628,6.98500601720679E-3,2.18939750237361,0.0299752969196014]
[53,"7b","no","Half","Mid",3,3,4,7,"09:57:08",8.88444735858543,75.4454472224923,0.0758314677247643,0.000608333333333333,0.000843407723168964,1.50826729555091,0.0223809730860211,1.37835710396041,0.0264144228930565,4.48774811882812,0.0374078829862153]
[53,"7b","no","Half","Mid",3,3,4,8,"10:06:54",8.86008585395143,77.8612990877123,0.0824830399655414,0.0266483333333333,0.00874693370737695,1.45020158429665,0.0206613264178185,1.92090341946637,0.0284499684073136,6.24371759015823,0.0481222577335279]
[53,"7b","no","Half","Mid",3,3,4,9,"10:21:24",9.79226130446095,84.8444311090899,0.109638022853613,0.8488,0.0532538238072551,1.36149190669673,0.0191452045056733,1.74266457388906,0.0256873851115396,13.3282980170091,0.0934793421821743]
[53,"7b","yes","Half","Mid",3,3,4,10,"10:29:05",9.58677707657413,88.044170240298,0.116134868093062,2.83686166666667,0.096868743241315,1.31646988969414,0.0175658491545507,1.60235269788329,0.0232917835576073,16.5212432835906,0.103387737797839]
[53,"7b","no","Half","Mid",3,3,4,11,"10:36:33",9.54328980454696,94.0526471212008,0.123478278195978,7.33356666666667,0.139126958400333,1.29225889481606,0.016498804209294,1.58437720421694,0.0217760997690096,22.4312260121283,0.113054372109463]
[53,"7b","no","Half","Mid",3,3,4,12,"10:46:12",9.96308619828855,97.3892467797943,0.130276384840372,16.2268883333333,0.165275898387337,1.25192269803544,0.0156713031827704,1.79080874672682,0.0219421591798323,25.4811506449738,0.118968457463437]
[53,"7b","no","Half","Mid",3,3,4,13,"10:59:00",10.2599639955042,103.556037090149,0.140163204917571,29.010495,0.170999399925071,1.19421497722655,0.0147387230131405,1.69040200734631,0.0204594017403714,31.7383969142203,0.131438010579033]
[53,"7b","no","Half","Mid",3,3,4,14,"11:07:26",10.1585978374985,107.235809795169,0.148401515382442,37.4367183333333,0.169309963958308,1.16704000488559,0.0139606941093836,1.60275503514422,0.0191181415827416,35.4251991732423,0.140738510871955]
[53,"7b","no","Half","Mid",3,3,4,15,"11:15:41",10.4753035552356,112.991815929281,0.154870614507139,45.6997433333333,0.17458839258726,1.1457888465067,0.0131499304538125,1.58057837426863,0.0181707242212807,41.1234024867168,0.147700935109435]
[53,"7b","no","Half","Mid",3,3,4,16,"11:25:43",10.8971657421883,116.816750129325,0.162629531437056,55.71934,0.181619429036472,1.12280211725437,0.0126672311003456,1.67556895770061,0.0180546230315643,44.7571156370835,0.155002158264754]
[53,"7b","no","Half","Mid",3,3,4,17,"11:37:42",11.0997573401643,122.730348475115,0.172986639771365,67.708225,0.184995955669406,1.09001812784195,0.0120260439125832,1.63654949605158,0.0173132499390974,50.6142621322002,0.167321021406957]
[53,"7b","no","Half","Mid",3,3,4,18,"11:46:25",11.0182409310537,126.720594260175,0.180283457529314,76.420685,0.183637348850895,1.06882760415653,0.011514732301089,1.59504640972182,0.0165423692599471,54.5544222619453,0.175115536876117]
[53,"7b","no","Half","Mid",3,3,4,19,"11:55:00",11.1662190607446,132.304586717989,0.187384073947329,85.006685,0.186103651012411,1.05290830018522,0.0111122591678413,1.59978451251439,0.016065176513516,60.0341707363585,0.182912944966453]
[53,"7b","no","Half","Mid",3,3,4,20,"12:04:53",11.5664856712064,136.358418323094,0.194241326004257,94.8910516666667,0.192774761186774,1.03634564762724,0.0107771678630462,1.64449360960045,0.0158390123495408,63.9412180349371,0.189286257730868]
[54,"7c","no","All","Doc",3,3,4,2,"09:13:17",8.35311132829908,68.6938270779899,0.103898569978987,0,0,1.6800151590614E-4,0.000109893936050335,0,0,0,0]
[54,"7c","no","All","Doc",3,3,4,3,"09:16:27",8.11538743532828,69.3134026033926,0.0864480712186538,0,0,2.17547514962498E-3,0.000359972238352364,0,0,0.000123212878830962,{"v":7.71400388413059e-05,"d":"7.71E-05"}]
[54,"7c","no","All","Doc",3,3,4,4,"09:18:59",7.89069511099087,70.029394270234,0.0760608445483659,0,0,0.243424076170988,0.0139936462416518,0,0,0.163896461873732,0.010121435472532]
[54,"7c","no","All","Doc",3,3,4,5,"09:24:21",7.61389402697852,72.001134251054,0.0783614713641513,0,0,0.197347371710443,0.0100380398610461,{"v":5.19531850206832e-05,"d":"5.20E-05"},{"v":8.12364783754669e-05,"d":"8.12E-05"},1.88184946046712,0.0386587980063426]
[54,"7c","no","All","Doc",3,3,4,6,"09:28:11",7.56289161245011,74.2592969595203,0.0790460325851248,0,0,0.28974642346987,0.0092410234207203,0.00400937984790799,1.00484223005428E-3,4.03875244211204,0.0512019438199887]
[54,"7c","no","All","Doc",3,3,4,7,"09:34:32",7.38764198539067,79.2618067852996,0.0809339611256249,0,0,1.50911397616956,0.022226653109187,1.10543456563029,0.0250914085294955,7.7751286650322,0.0601829631504154]
[54,"7c","no","All","Doc",3,3,4,8,"09:40:10",8.62474703759167,81.9467474123547,0.0838424305897088,0,0,1.4374041372091,0.0207416394464077,3.38160871126462,0.0433468517275805,7.83313779164552,0.0554401148884272]
[54,"7c","no","All","Doc",3,3,4,9,"09:58:23",8.57086241168871,86.8248475748857,0.102389001639788,0.001135,0.00126366520244041,1.35870761586292,0.0190002266382398,5.92978780191616,0.0514360766973101,9.8437540110625,0.0618537484699248]
[54,"7c","no","All","Doc",3,3,4,10,"10:05:39",8.79347414225399,92.2656572808735,0.109468606183147,0.0110383333333333,0.00465811937392544,1.30027209362668,0.0174932319053728,9.33220028969214,0.0581837972815185,11.5737750563452,0.0656726459838224]
[54,"7c","no","All","Doc",3,3,4,11,"10:17:43",10.3711823719496,97.0120420658339,0.124366248654211,0.48367,0.0403364804351453,1.23949584422314,0.016309791585401,13.5162781146052,0.0948668546516601,11.9587718527763,0.0685088890325731]
[54,"7c","yes","All","Doc",3,3,4,12,"10:27:43",9.89884817354477,101.30493026443,0.137706302141667,2.39443333333333,0.0893656911469471,1.185958957131,0.0153367307776719,17.4440982495221,0.119529423737586,12.0417170800347,0.0751766047002731]
[54,"7c","no","All","Doc",3,3,4,13,"10:38:44",9.07391136032582,105.823573084369,0.152432451924759,9.02718833333333,0.142621581698737,1.1646239820161,0.0145939632667824,19.8580384201855,0.13166193435398,13.975318993489,0.0920540787888171]
[54,"7c","no","All","Doc",3,3,4,14,"10:45:45",9.10898217944406,110.274240766885,0.163882321522714,15.7600133333333,0.1514911321632,1.14085034180646,0.0137650740164976,22.0210433227079,0.140730490464991,16.0861857131023,0.103575589381346]
[54,"7c","no","All","Doc",3,3,4,15,"10:52:24",9.58921188667765,114.581496088921,0.172640351760775,22.4075366666667,0.159820198111294,1.1276050213991,0.0131643135850635,24.6076636806613,0.149674309555023,17.5943150837401,0.108406325683405]
[54,"7c","no","All","Doc",3,3,4,16,"11:00:39",10.6126036089509,118.70475560455,0.179887787847509,30.6560316666667,0.176876726815849,1.10094345539355,0.0127074905359865,28.3464325184045,0.160590430030977,17.8116567900307,0.106244115244762]
[54,"7c","no","All","Doc",3,3,4,17,"11:14:08",10.1486168605027,123.204400676323,0.189557858223795,44.1412133333333,0.169143614341711,1.07399892756305,0.0120866958282143,32.0134434790652,0.169749873790974,18.5006781600336,0.105029235403797]
[54,"7c","no","All","Doc",3,3,4,18,"11:22:37",10.2103359136425,127.73245125806,0.197879727592366,52.6239533333333,0.170172265227374,1.05555069868518,0.0115473214593423,35.6684079229529,0.177341992376205,19.2298172007246,0.104260031770746]
[54,"7c","no","All","Doc",3,3,4,19,"11:30:41",10.648711229838,132.293089083588,0.205496886408919,60.6856516666667,0.1774785204973,1.0431179573512,0.0111513081870588,39.3504274299561,0.184238582689806,19.9132560918462,0.103567682312742]
[54,"7c","no","All","Doc",3,3,4,20,"11:39:59",11.2362081827356,136.715019103491,0.212389987042272,69.9951683333333,0.187270136378927,1.01888355122803,0.0107964890628046,43.7166162439005,0.19275391163261,19.8149451400153,0.099583620381279]
[55,"7d","no","Half","Doc",3,3,4,2,"09:39:14",8.88680304251882,68.6275565958102,0.104391968239365,0,0,{"v":7.09905305596273e-05,"d":"7.10E-05"},{"v":6.33637633098379E-5,"d":"6.34E-05"},0,0,0,0]
[55,"7d","no","Half","Doc",3,3,4,3,"09:39:45",8.63196074171496,68.93299539959,0.084724167890834,0,0,3.04105468641464E-3,0.000450866086000313,0,0,0.000288120701960482,0.000133177805487123]
[55,"7d","no","Half","Doc",3,3,4,4,"09:44:26",8.219338069114,69.3290271529172,0.0737243288747361,0,0,0.130421271276888,0.00730348760504549,0,0,0.0580470864766925,0.0049381698017877]
[55,"7d","no","Half","Doc",3,3,4,5,"09:46:06",8.18609069435447,70.0901007160051,0.0685686880852127,0,0,0.204354894099746,0.00791919867610585,0,0,0.617486450115739,0.0186905511966348]
[55,"7d","no","Half","Doc",3,3,4,6,"09:51:09",8.04267642311383,71.4172169347645,0.0684549705232221,0,0,0.3474320442409,0.00991480074812257,0,0,1.74220582389212,0.0305353942337834]
[55,"7d","no","Half","Doc",3,3,4,7,"09:51:26",7.92326831779697,72.7818566565068,0.0662095103666632,0,0,0.415893487558155,0.0110035278505649,1.13898818521565,0.0267803892484796,1.78603659117221,0.0286704421696675]
[55,"7d","no","Half","Doc",3,3,4,8,"09:58:22",8.46037372202801,75.5422232141119,0.0677944389805812,0.00162833333333333,1.49113642116761E-3,0.449781551591968,0.011281812909702,1.34587491978437,0.0272042610707384,4.10532469307515,0.039909669928762]
[55,"7d","no","Half","Doc",3,3,4,9,"10:03:07",8.80993681525577,78.5578374024613,0.0678112769228116,0.00402,3.3392320772243E-3,0.365547002735603,0.00980653936114451,2.79153344063363,0.0368847460133271,5.53516606192503,0.0451569512390296]
[55,"7d","no","Half","Doc",3,3,4,10,"10:12:49",9.60453704957946,81.264090598821,0.0765353870570788,0.132213333333333,0.0196356434925476,0.386244008938316,0.0096147319456298,4.78326272766416,0.0529790850832357,6.16090467002438,0.0467406014837947]
[55,"7d","yes","Half","Doc",3,3,4,11,"10:21:57",10.2059271063029,85.4733468554322,0.0790716158426912,1.004935,0.0589398072408752,0.456252773928459,0.00933746355594162,7.3322610718638,0.0710925426522261,7.78263203841368,0.0532331126457024]
[55,"7d","no","Half","Doc",3,3,4,12,"10:30:53",9.41225875715687,88.4122905192307,0.0903738406519861,3.596345,0.10627727665127,0.465422402094548,0.00897673883860743,9.87164924706261,0.084214936072501,8.04598344101455,0.0567058250048222]
[55,"7d","no","Half","Doc",3,3,4,13,"10:39:51",9.27108079201843,94.6631823420111,0.0907853389794219,10.0805616666667,0.147489345519356,1.17315637246742,0.0145365971104225,11.7884281458387,0.09002342433639,12.2589080747258,0.0695970759678309]
[55,"7d","no","Half","Doc",3,3,4,14,"10:47:14",9.21907394690397,97.9037141070816,0.103010406141271,17.24787,0.153424827796387,1.14853798957158,0.0137857077463992,13.1172132166999,0.0968698523291167,14.1030594479523,0.0779759649976873]
[55,"7d","no","Half","Doc",3,3,4,15,"10:52:52",9.45526720567723,101.550371476875,0.112343204199712,22.8783366666667,0.157587786761287,1.12753984794497,0.0131329608308052,15.7353384928732,0.102941656298951,15.0214840498684,0.0797226899830999]
[55,"7d","no","Half","Doc",3,3,4,16,"11:00:59",10.4844527911009,104.630840606902,0.120626600679176,30.9913116666667,0.174740879851681,1.1017900093799,0.0126211192974917,18.5170275915743,0.112840040971822,15.2109757916961,0.078510304515764]
[55,"7d","no","Half","Doc",3,3,4,17,"11:14:05",10.1290828970505,109.279352959577,0.131697741411485,44.0900733333333,0.168818048284175,1.08243201009643,0.0121406618116946,22.1771227573102,0.118382855080201,16.1428338321501,0.0763238485822933]
[55,"7d","no","Half","Doc",3,3,4,18,"11:22:29",10.272147735768,112.923966434486,0.14155484522905,52.492155,0.171202462262799,1.06763385411447,0.0117092745332582,24.9882599560343,0.126125433121086,16.9160384799078,0.0766640962997578]
[55,"7d","no","Half","Doc",3,3,4,19,"11:30:27",10.738488207027,117.939166995438,0.149081831901364,60.4635983333333,0.17897480345045,1.04523692981812,0.0112016792568826,29.3355890102874,0.131790102411809,17.5264185440385,0.0759545522285539]
[55,"7d","no","Half","Doc",3,3,4,20,"11:39:59",11.3012459184703,121.649307369793,0.157439285369261,69.991285,0.188354098641171,1.02408952095825,0.0108138662024291,32.814812730082,0.141208076743968,17.6891436169587,0.0738941846881134]